{"text_format":"3","workbook":"xlsx","n_sheets":18,"sheets":["alcohol","beef","bread","cereal","cheese","coffee","cooked vegetable","dried fruit","fresh fruit","hot drink","lamb","non-oily fish","oily fish","pork","poultry","process meat","raw vegetable","tea"],"read":"whole","date_system":"1900"}

{"sheet":"alcohol","index":0,"n_rows":75,"n_cols":21,"rows_kept":75}
["SNP","effect_allele.exposure","other_allele.exposure","effect_allele.outcome","other_allele.outcome","beta.exposure","beta.outcome","eaf.exposure","eaf.outcome","chr","pos","se.outcome","samplesize.outcome","pval.outcome","pval.exposure","chr.exposure","pos.exposure","se.exposure","samplesize.exposure","R2","F"]
["rs10188314","T","C","T","C",-0.0197869,-0.0193,0.470852,0.4706,2,215402926,0.0093,403124,0.0380198,{"v":7.2e-11,"d":"7.20E-11"},2,215402926,0.00303605,462346,{"$f":"2*F2^2*H2*(1-H2)/(2*F2^2*H2*(1-H2)+R2^2*2*S2*H2*(1-H2))","v":9.1860896072391328E-5},{"$f":"(S2-2)*T2/(1-T2)","v":42.47523594692866}]
["rs10792669","G","A","G","A",0.0174322,0.021,0.505254,0.5045,11,82688356,0.0093,403124,0.0240099,{"v":9.9e-09,"d":"9.90E-09"},11,82688356,0.00304065,462346,{"$f":"2*F3^2*H3*(1-H3)/(2*F3^2*H3*(1-H3)+R3^2*2*S3*H3*(1-H3))","v":7.1084278086598683E-5},{"$f":"(S3-2)*T3/(1-T3)","v":32.86772584623451}]
["rs1104608","C","G","C","G",0.0174212,0.0048,0.426338,0.4262,16,73912588,0.0095,403124,0.611699,{"v":1.7E-8,"d":"1.70E-08"},16,73912588,0.00308849,462346,6.881240609238352E-5,31.81719249994799]
["rs11223617","A","G","A","G",0.0250908,-0.0049,0.206155,0.2063,11,133780757,0.0115,403124,0.6693,{"v":2.3e-11,"d":"2.30E-11"},11,133780757,0.00375381,462346,9.6621855755592862E-5,44.676852037817035]
["rs11700855","G","A","G","A",-0.029795,-0.0279,0.093465,0.0944,21,34270051,0.016,403124,0.0799503,{"v":1.2E-8,"d":"1.20E-08"},21,34270051,0.00523292,462346,7.0113400867584974E-5,32.418783201864976]
["rs11750777","A","G","A","G",-0.020493,0.026,0.209454,0.2093,5,166830787,0.0114,403124,0.0227599,{"v":3.8e-08,"d":"3.80E-08"},5,166830787,0.00372613,462346,6.5418345786185021E-5,30.247758422487667]
["rs117799466","C","G","C","G",-0.0196704,-0.0259,0.336989,0.3385,15,34659517,0.0101,403124,0.0104501,{"v":3.1E-9,"d":"3.10E-09"},15,34659517,0.00331968,462346,7.5933576443806865E-5,35.11009950275998]
["rs11940694","G","A","G","A",-0.0437138,0.0021,0.604193,0.6057,4,39414993,0.0096,403124,0.8265,{"v":1e-44,"d":"1.00E-44"},4,39414993,0.00311609,462346,4.254663474515094E-4,196.79554282692197]
["rs12312693","C","T","C","T",-0.0176811,0.0227,0.451772,0.4539,12,57511734,0.0093,403124,0.0151098,{"v":6.8e-09,"d":"6.80E-09"},12,57511734,3.05026E-3,462346,7.26684967527739e-05,33.600285144876445]
["rs13102973","C","T","C","T",-0.0194072,0.0154,0.61881,0.6207,4,135900688,0.0096,403124,0.1065,{"v":4.9e-10,"d":"4.90E-10"},4,135900688,3.11875E-3,462346,8.3745438449162128E-5,38.72244382237514]
["rs13178443","T","C","T","C",-0.0186516,-0.0275,0.276349,0.2788,5,145615275,0.0104,403124,0.00788497,{"v":3.8e-08,"d":"3.80E-08"},5,145615275,0.00338983,462346,6.5475799023722992E-5,30.274325059447353]
["rs1515591","G","T","G","T",0.0182303,0.0212,0.383186,0.3823,3,174213976,0.0096,403124,0.0263403,{"v":4.9E-9,"d":"4.90E-09"},3,174213976,0.00311635,462346,7.40109411961646e-05,34.22104732832102]
["rs1666658","C","T","C","T",0.0179674,0.0162,0.392206,0.392,11,121801129,0.0095,403124,0.0872891,{"v":6.7e-09,"d":"6.70E-09"},11,121801129,3.09866E-3,462346,7.2714987763352443E-5,33.62178311000685]
["rs17662759","C","T","C","T",0.0301348,-0.0025,0.089115,0.0886,2,193989223,0.0167,403124,0.8803,{"v":3.4E-8,"d":"3.40E-08"},2,193989223,0.00546031,462346,6.587282875695386E-5,30.457913487724543]
["rs17690703","T","C","T","C",0.0250342,-0.0047,0.262687,0.2635,17,43925297,0.0105,403124,0.6526,{"v":2.9e-13,"d":"2.90E-13"},17,43925297,0.00343021,462346,1.1518843675225361E-4,53.262817862510545]
["rs186347","T","G","T","G",0.0179489,0.0095,0.463343,0.4613,14,59072226,0.0093,403124,0.3094,{"v":4e-09,"d":"4.00E-09"},14,59072226,0.00305071,462346,7.486420302636805E-5,34.61560655382004]
["rs1893659","A","C","A","C",-0.029326,-0.0264,0.459939,0.4631,18,21080859,0.0094,403124,0.00483704,{"v":7.6e-22,"d":"7.60E-22"},18,21080859,0.00305313,462346,1.9950845639398935E-4,92.25994440211727]
["rs1894544","C","G","C","G",0.0173933,{"v":0.0006,"d":"6.00E-04"},0.454379,0.4549,22,48881562,0.0093,403124,0.9483,{"v":1.1e-08,"d":"1.10E-08"},22,48881562,0.00304627,462346,7.0506549614480953E-5,32.60057872927921]
["rs1937522","G","A","G","A",0.0168979,0.004,0.528054,0.5292,13,68080817,0.0093,403124,0.6647,{"v":2.5e-08,"d":"2.50E-08"},13,68080817,3.03207E-3,462346,6.7172381559290755E-5,31.058833875488595]
["rs1991083","T","C","T","C",-0.0223925,{"v":-0.0007,"d":"-7.00E-04"},0.679886,0.6804,2,23887437,0.01,403124,0.9457,{"v":6.3e-12,"d":"6.30E-12"},2,23887437,0.00325813,462346,1.021543527065172E-4,47.23527733692326]
["rs2043677","T","C","T","C",0.0261133,-0.0154,0.145599,0.145,18,38313195,0.0133,403124,0.2463,{"v":1.6e-09,"d":"1.60E-09"},18,38313195,0.0043272,462346,7.8760464380293115E-5,36.41729638661712]
["rs2159935","A","G","A","G",-0.0185742,-0.0251,0.490369,0.4915,4,55521017,0.0093,403124,0.00668098,{"v":8.3e-10,"d":"8.30E-10"},4,55521017,0.00302582,462346,8.1495111416781581E-5,37.68184667917397]
["rs2244598","C","T","C","T",-0.018378,-0.0334,0.605114,0.6044,1,216681000,0.0096,403124,4.68004E-4,{"v":3.8e-09,"d":"3.80E-09"},1,216681000,0.00311907,462346,7.5083850598377174E-5,34.71717452020096]
["rs2535911","T","C","T","C",-0.0188476,-0.0133,0.354749,0.356,14,73523162,0.0097,403124,0.1704,{"v":2.7e-09,"d":"2.70E-09"},14,73523162,0.00316849,462346,7.6525661123604487E-5,35.38388804195733]
["rs2622167","A","G","A","G",-0.0191155,0.0227,0.428653,0.4281,7,153486704,0.0094,403124,0.0159001,{"v":4.6e-10,"d":"4.60E-10"},7,153486704,0.0030674,462346,8.3989871242899072E-5,38.83547481645642]
["rs262240","T","C","T","C",-0.017207,{"v":-0.0009,"d":"-9.00E-04"},0.468553,0.4678,3,68408109,0.0093,403124,0.923,{"v":1.4E-8,"d":"1.40E-08"},3,68408109,0.00303483,462346,6.9525525500006963E-5,32.14694459499141]
["rs28622224","T","C","T","C",-0.0186203,0.0035,0.280364,0.2817,4,55088093,0.0103,403124,0.7322,{"v":3.2e-08,"d":"3.20E-08"},4,55088093,3.36834E-3,462346,6.6091512904491233E-5,30.559034135112984]
["rs28768122","C","T","C","T",0.0207,0.0523,0.759525,0.7602,12,123885974,0.0109,403124,{"v":1.57E-6,"d":"1.57E-06"},{"v":5.6e-09,"d":"5.60E-09"},12,123885974,0.00355204,462346,7.3449017539561255E-5,33.96120698259824]
["rs28787109","A","G","A","G",0.0178107,{"v":0.0003,"d":"3.00E-04"},0.40423,0.4021,1,51218695,0.0095,403124,0.9711,{"v":7.7e-09,"d":"7.70E-09"},1,51218695,0.00308461,462346,7.21046100126453e-05,33.33953774605366]
["rs2924321","A","G","A","G",-0.0195131,0.01,0.539592,0.541,18,53125435,0.0093,403124,0.2865,{"v":1.6e-10,"d":"1.60E-10"},18,53125435,0.00305022,462346,8.8508436003363486E-5,40.924966540321066]
["rs2977454","G","C","G","C",-0.0259222,-0.0265,0.124072,0.1254,8,141539923,0.014,403124,0.0592407,{"v":1.7E-8,"d":"1.70E-08"},8,141539923,4.59853E-3,462346,6.87240450337112e-05,31.776333675252676]
["rs34440851","T","C","T","C",-0.0226831,-0.0375,0.157151,0.1582,8,87214346,0.0127,403124,0.00312702,{"v":4.6e-08,"d":"4.60E-08"},8,87214346,0.00415058,462346,6.4593984999936971E-5,29.8665706016243]
["rs34631026","T","C","T","C",-0.0169128,0.0016,0.446061,0.4454,16,6172126,0.0093,403124,0.8602,{"v":2.9e-08,"d":"2.90E-08"},16,6172126,0.00304832,462346,6.6575417169177761E-5,30.782794053022034]
["rs4241258","T","C","T","C",0.0250636,-0.0276,0.13763,0.1381,2,74226102,0.0135,403124,0.0409496,{"v":1.3e-08,"d":"1.30E-08"},2,74226102,4.40325E-3,462346,7.0071703660968876E-5,32.39950204573311]
["rs4417025","A","G","A","G",-0.0188379,0.009,0.361153,0.3623,1,35363679,0.0097,403124,0.3503,{"v":2.7e-09,"d":"2.70E-09"},1,35363679,0.00316516,462346,7.6607847641056134E-5,35.421892304685294]
["rs4503294","T","C","T","C",0.0181476,-0.0079,0.565333,0.567,1,940096,0.0094,403124,0.4033,{"v":3.4e-09,"d":"3.40E-09"},1,940096,0.00307049,462346,7.55480233366169e-05,34.93181433106908]
["rs461599","C","A","C","A",-0.0191888,-0.005,0.462259,0.4616,5,144136931,0.0093,403124,0.5907,{"v":2.7E-10,"d":"2.70E-10"},5,144136931,0.00303977,462346,8.6180627012646873E-5,39.848529986835]
["rs4726481","T","G","T","G",0.0217614,0.0045,0.400576,0.3997,7,141668403,0.0095,403124,0.639599,{"v":2.3e-12,"d":"2.30E-12"},7,141668403,3.10188E-3,462346,1.064413427561666E-4,49.21775497918451]
["rs473098","T","C","T","C",-0.0217406,0.0011,0.557689,0.5557,2,45139779,0.0093,403124,0.9022,{"v":9.1e-13,"d":"9.10E-13"},2,45139779,0.00304345,462346,1.1035592986281536E-4,51.02803328255548]
["rs4916723","C","A","C","A",0.0239479,0.0089,0.420617,0.4224,5,87854395,0.0095,403124,0.3488,{"v":1.1E-14,"d":"1.10E-14"},5,87854395,0.00309951,462346,1.2909981282691215E-4,59.69623063384717]
["rs4968391","T","G","T","G",-0.0192695,{"v":0.0006,"d":"6.00E-04"},0.674892,0.6768,17,57780943,0.0099,403124,0.951,{"v":2.3e-09,"d":"2.30E-09"},17,57780943,0.0032265,462346,7.7139522383643688E-5,35.6677467298906]
["rs550942","T","C","T","C",0.022401,0.0156,0.823865,0.823,11,58394154,0.0122,403124,0.2023,{"v":2E-8,"d":"2.00E-08"},11,58394154,0.00398884,462346,6.820949761966017E-5,31.53840318610121]
["rs56194430","T","C","T","C",0.0225403,0.0557,0.16931,0.1696,5,67824690,0.0124,403124,{"v":7.62e-06,"d":"7.62E-06"},{"v":3.1E-8,"d":"3.10E-08"},5,67824690,0.00407148,462346,6.628555231562781E-5,30.648758969732718]
["rs58905411","A","G","A","G",-0.0266343,0.0034,0.410052,0.4115,12,54623132,0.0094,403124,0.718199,{"v":5.1e-18,"d":"5.10E-18"},12,54623132,0.00307848,462346,1.6187228260864894E-4,74.8527952232356]
["rs6030200","A","G","A","G",-0.019529,-0.0232,0.31415,0.313,20,35554361,0.01,403124,0.0209498,{"v":2.4E-9,"d":"2.40E-09"},20,35554361,0.00327075,462346,7.7101835993077436E-5,35.650319965506476]
["rs62097995","A","T","A","T",0.0200024,0.0183,0.423591,0.4258,18,50843233,0.0094,403124,0.0513204,{"v":6.9e-11,"d":"6.90E-11"},18,50843233,3.06682E-3,462346,9.199846500564473E-5,42.538851813639766]
["rs62305780","G","C","G","C",-0.0485216,0.0363,0.102253,0.1028,4,100290815,0.0155,403124,0.0188799,{"v":9.9e-22,"d":"9.90E-22"},4,100290815,0.00506585,462346,1.9838658556168819E-4,91.74104770814384]
["rs62339673","A","C","A","C",0.0182943,-2.3E-3,0.626705,0.6279,4,184828533,0.0097,403124,0.8109,{"v":6.6e-09,"d":"6.60E-09"},4,184828533,0.00315406,462346,7.2760049643974588E-5,33.64262023131197]
["rs62466318","T","C","T","C",-0.0254919,-0.007,0.202827,0.2041,7,73042085,0.0115,403124,0.5452,{"v":1.4E-11,"d":"1.40E-11"},7,73042085,0.0037742,462346,9.8660801008096122E-5,45.61973026041646]
["rs6727281","T","C","T","C",-0.024322,-0.0397,0.184023,0.1846,2,65558588,0.012,403124,0.000927705,{"v":5.5e-10,"d":"5.50E-10"},2,65558588,0.00391964,462346,8.3272755399650748E-5,38.50386514544032]
["rs6943160","C","T","C","T",0.020627,0.0026,0.208646,0.2075,7,99872071,0.0115,403124,0.8177,{"v":3.1E-8,"d":"3.10E-08"},7,99872071,0.00372774,462346,6.621937007846967E-5,30.618155954560258]
["rs71651683","T","C","T","C",-0.0704589,-0.0204,0.0142,0.0142,22,24828853,0.0392,403124,0.601999,{"v":3.6e-08,"d":"3.60E-08"},22,24828853,0.0127906,462346,6.5628771480420362E-5,30.34506023036689]
["rs72769229","T","A","T","A",-0.0231352,0.0167,0.154942,0.1554,2,2220795,0.0128,403124,0.1921,{"v":3.4E-8,"d":"3.40E-08"},2,2220795,0.00419154,462346,6.5887581478793475E-5,30.46473521895526]
["rs72787062","A","G","A","G",-0.0281947,0.0077,0.162767,0.1619,16,72105844,0.0126,403124,0.5387,{"v":6.4e-12,"d":"6.40E-12"},16,72105844,0.00410324,462346,1.0211032617158084E-4,47.21491777412745]
["rs728538","G","T","G","T",0.0228752,0.0083,0.168868,0.1676,16,51205819,0.0125,403124,0.5041,{"v":1.8e-08,"d":"1.80E-08"},16,51205819,0.00406259,462346,6.8568859280081129E-5,31.704574621505586]
["rs7298932","G","A","G","A",-0.0237214,-0.0107,0.147849,0.1483,12,23727301,0.0132,403124,0.4159,{"v":3.8e-08,"d":"3.80E-08"},12,23727301,0.00431166,462346,6.546302715480879E-5,30.26841928921678]
["rs7330939","T","C","T","C",-0.0213301,-0.0165,0.720352,0.7198,13,49971400,0.0104,403124,0.1139,{"v":3.7e-10,"d":"3.70E-10"},13,49971400,0.0034046,462346,8.4888648736957658E-5,39.25108938357918]
["rs74679146","C","T","C","T",-0.0320735,-0.0082,0.074515,0.0757,9,16287769,0.0175,403124,0.6418,{"v":2.5e-08,"d":"2.50E-08"},9,16287769,5.75757E-3,462346,6.7114753966705226E-5,31.03218652554607]
["rs76082653","T","C","T","C",0.0464269,0.0443,0.054327,0.0544,3,49029468,0.0205,403124,0.0308297,{"v":3.8E-12,"d":"3.80E-12"},3,49029468,0.00668673,462346,1.0425560496137632E-4,48.20697926804953]
["rs7610856","A","C","A","C",-0.023864,-0.0165,0.429053,0.4299,3,71579022,0.0094,403124,0.0793195,{"v":7.7e-15,"d":"7.70E-15"},3,71579022,0.00307022,462346,1.3065427879945158E-4,60.41511537058097]
["rs780569","A","T","A","T",0.0198033,-0.0013,0.70882,0.7078,1,4569436,0.0103,403124,0.9015,{"v":4e-09,"d":"4.00E-09"},1,4569436,0.00336454,462346,7.4924541912093612E-5,34.64350805477624]
["rs80292319","C","T","C","T",-0.0393728,0.0445,0.057704,0.0586,15,76508632,0.0197,403124,0.0242499,{"v":1.4e-09,"d":"1.40E-09"},15,76508632,0.00649583,462346,7.9455083312690789E-5,36.73850009970891]
["rs8043563","C","G","C","G",0.0233654,{"v":1E-4,"d":"1.00E-04"},0.737192,0.7372,16,19982353,0.0106,403124,0.9948,{"v":1.7e-11,"d":"1.70E-11"},16,19982353,0.00347125,462346,9.7986217537977263E-5,45.307779299297145]
["rs838145","A","G","A","G",0.0219548,0.0121,0.542982,0.5419,19,49248730,0.0094,403124,0.196,{"v":6.7e-13,"d":"6.70E-13"},19,49248730,0.00305549,462346,1.1165589011474909E-4,51.62919556300005]
["rs8614","A","C","A","C",0.0247806,-4.3E-3,0.182509,0.1823,17,27588806,0.012,403124,0.723199,{"v":2.7E-10,"d":"2.70E-10"},17,27588806,0.00392537,462346,8.6190202049037765E-5,39.85295771063765]
["rs9349379","G","A","G","A",-0.0193455,-0.0054,0.405493,0.4057,6,12903957,0.0094,403124,0.5684,{"v":3.5e-10,"d":"3.50E-10"},6,12903957,0.00308215,462346,{"$f":"2*F67^2*H67*(1-H67)/(2*F67^2*H67*(1-H67)+R67^2*2*S67*H67*(1-H67))","v":8.52017013798398E-5},{"$f":"(S67-2)*T67/(1-T67)","v":39.395852016379756}]
["rs9403297","A","G","A","G",0.0188234,-0.0037,0.372967,0.3731,6,141705482,0.0096,403124,0.7027,{"v":1.8E-9,"d":"1.80E-09"},6,141705482,0.00313037,462346,7.819945549194367E-5,36.15787657622721]
["rs9648478","A","G","A","G",0.0168603,0.0085,0.510245,0.5102,7,39325802,0.0093,403124,0.3612,{"v":2.6e-08,"d":"2.60E-08"},7,39325802,0.00302891,462346,6.7013399314926736E-5,30.98531952445068]
["rs9814516","T","G","T","G",-0.0251117,0.0194,0.237423,0.2367,3,85407980,0.0109,403124,0.0755092,{"v":1.6E-12,"d":"1.60E-12"},3,85407980,0.00355589,462346,1.0785533820641255E-4,49.87164741110404]
["rs9829192","T","G","T","G",0.0169324,0.0149,0.435133,0.434,3,38569463,0.0094,403124,0.1111,{"v":2.8e-08,"d":"2.80E-08"},3,38569463,3.05032E-3,462346,6.6642332062020028E-5,30.81373587410078]
["rs9906502","A","G","A","G",0.0237883,-0.0113,0.176998,0.1768,17,7615745,0.0121,403124,0.3501,{"v":1.9e-09,"d":"1.90E-09"},17,7615745,0.00396178,462346,7.7973159783737586E-5,36.05323377160996]
["rs9912298","C","A","C","A",0.0205894,0.0289,0.239585,0.2403,17,29735752,0.011,403124,0.00834795,{"v":9.7e-09,"d":"9.70E-09"},17,29735752,0.00358993,462346,7.1140582918023082E-5,32.89376175003573]
["rs9958320","C","T","C","T",0.0248553,-0.0133,0.153147,0.1527,18,38269812,0.0131,403124,0.3114,{"v":5.9e-09,"d":"5.90E-09"},18,38269812,0.00427092,462346,7.3248077164237986E-5,33.86828977552534]
["rs9958320","C","T","T","A",0.0248553,0.0217,0.153147,0.1448,18,38269812,0.0137,403124,0.1137,{"v":5.9e-09,"d":"5.90E-09"},18,38269812,0.00427092,462346,7.3248077164237986E-5,33.86828977552534]

{"sheet":"beef","index":1,"n_rows":10,"n_cols":21,"rows_kept":10}
["SNP","effect_allele.exposure","other_allele.exposure","effect_allele.outcome","other_allele.outcome","beta.exposure","beta.outcome","eaf.exposure","eaf.outcome","chr","pos","se.outcome","samplesize.outcome","pval.outcome","samplesize.exposure","pos.exposure","chr.exposure","pval.exposure","se.exposure","R2","F"]
["rs10959890","C","T","C","T",-0.0126658,-0.0155,0.212297,0.2139,9,11526198,0.0113,403124,0.1721,461053,11526198,9,{"v":1.5E-9,"d":"1.50E-09"},2.09611E-3,{"$f":"2*F2^2*H2*(1-H2)/(2*F2^2*H2*(1-H2)+S2^2*2*O2*H2*(1-H2))","v":7.9186631366801949E-5},{"$f":"(O2-2)*T2/(1-T2)","v":36.511966837953885}]
["rs1105388","T","C","T","C",-0.0113754,0.0041,0.300147,0.3005,1,205308591,0.0102,403124,0.685199,461053,205308591,1,{"v":1.29999E-9,"d":"1.30E-09"},0.00187563,{"$f":"2*F3^2*H3*(1-H3)/(2*F3^2*H3*(1-H3)+S3^2*2*O3*H3*(1-H3))","v":7.9772557275995391E-5},{"$f":"(O3-2)*T3/(1-T3)","v":36.78215151094309}]
["rs11165829","G","C","G","C",-0.0102001,-0.0037,0.35997,0.3601,1,97743702,0.0096,403124,0.6988,461053,97743702,1,{"v":9.80009e-09,"d":"9.80E-09"},0.00177865,7.1325698913102278E-5,32.88713050715339]
["rs11878917","A","G","A","G",0.0150187,-0.0135,0.109688,0.1093,19,42588999,0.0149,403124,0.3667,461053,42588999,19,{"v":4.60002e-08,"d":"4.60E-08"},0.00274812,6.4776027997125984E-5,29.86698714889868]
["rs1470610","C","G","C","G",-0.0122159,-0.0035,0.196185,0.1956,2,33866464,0.0117,403124,0.7647,461053,33866464,2,{"v":1.5e-08,"d":"1.50E-08"},0.00215779,6.9510681143471938E-5,32.050196882894994]
["rs4676964","T","C","T","C",0.0133533,-0.0044,0.510605,0.5099,3,71034748,0.0093,403124,0.639401,461053,71034748,3,{"v":9.60064e-15,"d":"9.60E-15"},1.72438E-3,1.3004807347375539E-4,59.96659286302302]
["rs7791463","A","G","A","G",0.00954846,-2E-3,0.534781,0.5345,7,97819047,0.0093,403124,0.8295,461053,97819047,7,{"v":2.39999e-08,"d":"2.40E-08"},0.00171063,6.7573170767576117E-5,31.156783318201466]
["rs784251","T","C","T","C",-0.0103387,-0.0078,0.477649,0.4764,18,53412903,0.0093,403124,0.3993,461053,53412903,18,{"v":1.7e-09,"d":"1.70E-09"},0.00171651,7.8678155181913687E-5,36.27749637126559]
["rs79809011","A","G","A","G",-0.0280593,0.0072,0.029465,0.0291,8,10126532,0.0277,403124,0.7958,461053,10126532,8,{"v":3.40001e-08,"d":"3.40E-08"},0.00508482,6.6042417493499491E-5,30.450933681070666]

{"sheet":"bread","index":2,"n_rows":28,"n_cols":21,"rows_kept":28}
["SNP","effect_allele.exposure","other_allele.exposure","effect_allele.outcome","other_allele.outcome","beta.exposure","beta.outcome","eaf.exposure","eaf.outcome","chr","pos","se.outcome","samplesize.outcome","pval.outcome","se.exposure","pos.exposure","samplesize.exposure","chr.exposure","pval.exposure","R2","F"]
["rs10761661","T","C","T","C",-0.0114852,0.0184,0.45322,0.4544,10,64525135,0.0094,403124,0.0490704,0.00200486,64525135,452236,10,{"v":1E-8,"d":"1.00E-08"},{"$f":"2*F2^2*H2*(1-H2)/(2*F2^2*H2*(1-H2)+O2^2*2*Q2*H2*(1-H2))","v":7.2562523303318e-05},{"$f":"(Q2-2)*T2/(1-T2)","v":32.817621492977054}]
["rs11183201","C","T","C","T",-0.016725,-0.0091,0.507856,0.508,12,46170982,0.0093,403124,0.3279,0.00199574,46170982,452236,12,{"v":5.30029E-17,"d":"5.30E-17"},{"$f":"2*F3^2*H3*(1-H3)/(2*F3^2*H3*(1-H3)+O3^2*2*Q3*H3*(1-H3))","v":1.5527150383200917E-4},{"$f":"(Q3-2)*T3/(1-T3)","v":70.2299579751537}]
["rs11628639","C","T","C","T",-0.013495,-0.0021,0.243333,0.2427,14,97837568,0.0108,403124,0.8442,2.32226E-3,97837568,452236,14,{"v":6.19998e-09,"d":"6.20E-09"},7.4666627314636048E-5,33.76930897741521]
["rs13016665","A","C","A","C",0.0147544,0.0017,0.423235,0.4236,2,57995348,0.0094,403124,0.8544,0.00202829,57995348,452236,2,{"v":3.50026e-13,"d":"3.50E-13"},1.1699493572292263E-4,52.91527858133658]
["rs13023099","A","C","A","C",-0.0114708,1.4E-3,0.571784,0.5715,2,200705623,0.0094,403124,0.8854,2.02287E-3,200705623,452236,2,{"v":1.40001E-8,"d":"1.40E-08"},7.1097684737332224E-5,32.15507651099519]
["rs1492988","G","C","G","C",0.0115447,0.012,0.599095,0.599,2,163776010,0.0095,403124,0.2082,2.03549E-3,163776010,452236,2,{"v":1.40001E-8,"d":"1.40E-08"},7.1126483124048251E-5,32.168101973082955]
["rs17083079","A","G","A","G",0.0301138,{"v":1E-4,"d":"1.00E-04"},0.047423,0.0471,5,92683607,0.0219,403124,0.9952,0.00467938,92683607,452236,5,{"v":1.2E-10,"d":"1.20E-10"},9.1569236567933446E-5,41.41451442553159]
["rs1940033","T","C","T","C",-0.011079,-0.0215,0.592727,0.5926,11,131882807,0.0095,403124,0.0226402,0.00202843,131882807,452236,11,{"v":4.70002e-08,"d":"4.70E-08"},6.5961009861426943E-5,29.83177906794584]
["rs2068650","C","A","C","A",-0.013938,-0.007,0.472074,0.4743,5,166835294,0.0093,403124,0.4503,0.00199929,166835294,452236,5,{"v":3.10027e-12,"d":"3.10E-12"},1.0745769755562132E-4,48.60124697446706]
["rs2517678","T","C","T","C",0.013233,0.0214,0.368395,0.3671,6,29933225,0.0097,403124,0.0274101,0.00208598,29933225,452236,6,{"v":2.19999e-10,"d":"2.20E-10"},8.8980034178677309E-5,40.24337763387728]
["rs28406095","A","G","A","G",-0.010949,0.0093,0.461729,0.462,15,41825092,0.0093,403124,0.3174,0.00200012,41825092,452236,15,{"v":4.39997e-08,"d":"4.40E-08"},6.6258698137157854E-5,29.96642162944444]
["rs4984685","A","G","A","G",0.0135849,-0.0172,0.201006,0.2009,16,754230,0.0116,403124,0.1369,0.00248083,754230,452236,16,{"v":4.39997e-08,"d":"4.40E-08"},6.6301744426005188E-5,29.98589120564513]
["rs55745436","T","C","T","C",0.0134245,-0.0136,0.237279,0.2379,10,63591768,0.0109,403124,0.2127,0.00234263,63591768,452236,10,{"v":1E-8,"d":"1.00E-08"},7.26092868278409e-05,32.83877261916198]
["rs596878","C","A","C","A",-0.011739,-0.018,0.449595,0.4483,6,140286236,0.0094,403124,0.0548605,0.00201069,140286236,452236,6,{"v":5.30005e-09,"d":"5.30E-09"},7.53657639752613e-05,34.085529787581265]
["rs62091167","C","A","C","A",-0.0138402,-0.0016,0.215931,0.2169,18,53130630,0.0113,403124,0.8872,2.4253E-3,53130630,452236,18,{"v":1.2E-8,"d":"1.20E-08"},7.200412798828502E-5,32.565059635376016]
["rs656817","G","A","G","A",-0.0126883,{"v":0.0008,"d":"8.00E-04"},0.334442,0.3349,18,40994935,0.0098,403124,0.9343,0.00210929,40994935,452236,18,{"v":1.79999e-09,"d":"1.80E-09"},8.0008183420033458E-5,36.185315942170426]
["rs6580721","G","A","G","A",0.017205,7.6E-3,0.188665,0.1884,12,50155400,0.0119,403124,0.522001,0.00254355,50155400,452236,12,{"v":1.29987E-11,"d":"1.30E-11"},1.0116254061233267E-4,45.75376895878811]
["rs7276867","C","G","C","G",0.011348,-0.0172,0.541677,0.5429,21,46496880,0.0093,403124,0.0648694,2.003E-3,46496880,452236,21,{"v":1.5e-08,"d":"1.50E-08"},7.0970979819004625E-5,32.09776809751962]
["rs75287965","A","G","A","G",-0.0247475,0.0132,0.062933,0.0628,2,44673517,0.0191,403124,0.490601,0.00409745,44673517,452236,2,{"v":1.5E-9,"d":"1.50E-09"},8.0655721320035527E-5,36.47820165111157]
["rs7802468","T","C","T","C",-0.0233527,-0.0012,0.371501,0.3726,7,143704416,0.0096,403124,0.9021,0.00205629,143704416,452236,7,{"v":6.90081e-30,"d":"6.90E-30"},2.8511265988091723E-4,128.97441086592528]
["rs79436018","C","T","C","T",-0.0176147,0.0317,0.116276,0.1155,7,127694032,0.0145,403124,0.0291501,0.00311645,127694032,452236,7,{"v":1.6e-08,"d":"1.60E-08"},7.0637344678077659E-5,31.94686557490077]
["rs9323989","C","T","C","T",-0.0116143,0.0105,0.379169,0.3796,14,98587669,0.0096,403124,0.2743,0.00205547,98587669,452236,14,{"v":1.6e-08,"d":"1.60E-08"},7.0594034621873967E-5,31.927276528453184]
["rs9529024","T","A","T","A",-0.0129169,-0.0143,0.370396,0.3691,13,66713569,0.0097,403124,0.1391,2.06792E-3,66713569,452236,13,{"v":4.20001e-10,"d":"4.20E-10"},8.6267364315167246E-5,39.016401075791215]
["rs9564268","C","T","C","T",-0.0121606,-0.0137,0.615619,0.6148,13,66204880,0.0096,403124,0.1528,0.00204932,66204880,452236,13,{"v":2.99999e-09,"d":"3.00E-09"},7.785589561287071E-5,35.211824544727065]
["rs9662365","T","C","T","C",0.0121661,-0.0099,0.499481,0.4988,1,98461443,0.0093,403124,0.2853,0.00198921,98461443,452236,1,{"v":9.59997e-10,"d":"9.60E-10"},8.27066526898267e-05,37.4058540855135]
["rs9832088","A","T","A","T",0.0147289,0.0153,0.521617,0.524,3,81834065,0.0093,403124,0.1007,0.00198902,81834065,452236,3,{"v":1.29987e-13,"d":"1.30E-13"},1.2123961232684038E-4,54.83532305432525]
["rs9881332","G","C","G","C",0.0113702,{"v":0.0007,"d":"7.00E-04"},0.581804,0.5799,3,23241798,0.0094,403124,0.9449,0.00202188,23241798,452236,3,{"v":1.89998e-08,"d":"1.90E-08"},6.9924594267687336E-5,31.624490293706025]

{"sheet":"cereal","index":3,"n_rows":32,"n_cols":21,"rows_kept":32}
["SNP","effect_allele.exposure","other_allele.exposure","effect_allele.outcome","other_allele.outcome","beta.exposure","beta.outcome","eaf.exposure","eaf.outcome","chr","pos","se.outcome","samplesize.outcome","pval.outcome","pos.exposure","pval.exposure","se.exposure","samplesize.exposure","chr.exposure","R2","F"]
["rs10057775","C","T","C","T",0.0200293,0.0016,0.893563,0.893,5,87469663,0.015,403124,0.9128,87469663,{"v":4.49987e-12,"d":"4.50E-12"},0.00289378,441640,5,{"$f":"2*F2^2*H2*(1-H2)/(2*F2^2*H2*(1-H2)+Q2^2*2*R2*H2*(1-H2))","v":1.084638491298341E-4},{"$f":"(R2-2)*T2/(1-T2)","v":47.90695357458646}]
["rs10837531","G","C","G","C",0.0107836,-0.0099,0.455002,0.4564,11,40966859,0.0094,403124,0.2907,40966859,{"v":2e-09,"d":"2.00E-09"},0.00179687,441640,11,{"$f":"2*F3^2*H3*(1-H3)/(2*F3^2*H3*(1-H3)+Q3^2*2*R3*H3*(1-H3))","v":8.1543698917852238E-5},{"$f":"(R3-2)*T3/(1-T3)","v":36.015732958767124}]
["rs10857964","C","T","C","T",0.0140866,-0.006,0.205117,0.2046,1,113097633,0.0115,403124,0.6026,113097633,{"v":1.7e-10,"d":"1.70E-10"},0.0022053,441640,1,9.23779856599703e-05,40.80139798185564]
["rs11038810","G","A","G","A",0.0111343,-0.0128,0.644091,0.6434,11,46210773,0.0097,403124,0.1855,46210773,{"v":2.30001e-09,"d":"2.30E-09"},0.00186325,441640,11,8.0850007061316091E-5,35.70932251752321]
["rs1104608","C","G","C","G",0.0108629,0.0048,0.426239,0.4262,16,73912588,0.0095,403124,0.611699,73912588,{"v":2.30001e-09,"d":"2.30E-09"},1.81843E-3,441640,16,8.0796936728121533E-5,35.68588085259147]
["rs11097340","T","C","T","C",-0.0115334,-0.009,0.399592,0.3983,4,93465297,0.0095,403124,0.3396,93465297,{"v":2.1E-10,"d":"2.10E-10"},0.00181501,441640,4,9.1421545243951948E-5,40.378919901701146]
["rs112780312","A","G","A","G",-0.0121483,{"v":0.0004,"d":"4.00E-04"},0.274969,0.2748,1,153797015,0.0105,403124,0.9707,153797015,{"v":1.79999e-09,"d":"1.80E-09"},0.0020189,441640,1,8.1978014410692671E-5,36.207574553378]
["rs11670024","G","A","G","A",0.0160114,{"v":-0.0006,"d":"-6.00E-04"},0.115508,0.116,19,18818335,0.0145,403124,0.9657,18818335,{"v":1.09999E-8,"d":"1.10E-08"},0.00279947,441640,19,7.4063871682151331E-5,32.71184292769904]
["rs11940694","G","A","G","A",-0.0126647,0.0021,0.604068,0.6057,4,39414993,0.0096,403124,0.8265,39414993,{"v":5.00035e-12,"d":"5.00E-12"},0.00183426,441640,4,1.0793262618265247E-4,47.67229455800207]
["rs12354267","C","T","C","T",0.0116473,0.0024,0.309145,0.3094,1,44248272,0.0101,403124,0.8089,44248272,{"v":1.7e-09,"d":"1.70E-09"},1.93279E-3,441640,1,8.2219924424910935E-5,36.314428752756406]
["rs13234131","G","A","G","A",0.0170117,-0.0112,0.128369,0.1291,7,73025975,0.0138,403124,0.4199,73025975,{"v":1.6e-10,"d":"1.60E-10"},0.0026602,441640,7,9.2588753773543232E-5,40.89449840968403]
["rs184643","A","G","A","G",-0.0121653,6.6E-3,0.56672,0.5659,2,45189441,0.0094,403124,0.4854,45189441,{"v":1.59993e-11,"d":"1.60E-11"},1.80474E-3,441640,2,1.0287344353257673E-4,45.43749616653627]
["rs2450126","G","A","G","A",-0.0149019,-0.0187,0.156746,0.1556,11,77916279,0.0128,403124,0.1462,77916279,{"v":1.29999E-9,"d":"1.30E-09"},0.00245669,441640,11,8.3306327852910542E-5,36.79430521875738]
["rs2472297","T","C","T","C",-0.0158518,0.0557,0.261458,0.2653,15,75027880,0.0105,403124,{"v":1.11099e-07,"d":"1.11E-07"},75027880,{"v":4.49987e-15,"d":"4.50E-15"},0.00202189,441640,15,1.3915963412464919E-4,61.46673618406003]
["rs2799849","T","C","T","C",-0.0123289,0.021,0.678123,0.6784,9,86752641,0.0099,403124,0.0346601,86752641,{"v":9.79941e-11,"d":"9.80E-11"},1.90573E-3,441640,9,9.4758104038857881E-5,41.85274543831967]
["rs2817377","A","G","A","G",0.00990084,0.0017,0.537948,0.5359,6,50789176,0.0093,403124,0.8563,50789176,{"v":3.09999e-08,"d":"3.10E-08"},1.78933E-3,441640,6,6.932097936104931E-5,30.616901076622728]
["rs2927238","G","T","G","T",0.0102465,{"v":-0.0003,"d":"-3.00E-04"},0.613181,0.6131,8,76758514,0.0095,403124,0.9726,76758514,{"v":2.1e-08,"d":"2.10E-08"},1.8288E-3,441640,8,7.1075413127052458E-5,31.3918344902104]
["rs3115230","A","C","A","C",-0.0114779,0.0251,0.752001,0.7518,4,123009766,0.0108,403124,0.02009,123009766,{"v":2.99999e-08,"d":"3.00E-08"},0.00207131,441640,4,6.9524211703143277E-5,30.70666866508576]
["rs3859193","A","T","A","T",-0.0103258,-0.0037,0.470074,0.4701,17,38125856,0.0094,403124,0.6964,38125856,{"v":9.49992E-9,"d":"9.50E-09"},0.00179925,441640,17,7.45699080348809e-05,32.93536103155195]
["rs4410790","C","T","C","T",-0.0109143,0.0226,0.630668,0.6325,7,17284577,0.0096,403124,0.0191501,17284577,{"v":3.40001e-09,"d":"3.40E-09"},0.00184697,441640,7,7.9062283294312782E-5,34.919669498336134]
["rs4739095","A","G","A","G",-0.0128656,-0.0211,0.765732,0.7656,8,64391730,0.0109,403124,0.0537106,64391730,{"v":9.90011e-10,"d":"9.90E-10"},2.10523E-3,441640,8,8.4558226036439931E-5,37.34728385035093]
["rs4797242","A","C","A","C",0.0114312,-0.0117,0.297207,0.2979,18,6407483,0.0101,403124,0.2472,6407483,{"v":4.49997e-09,"d":"4.50E-09"},1.94889E-3,441640,18,7.7894493979987e-05,34.40384840269579]
["rs627185","G","C","G","C",-0.0108269,-0.0133,0.544427,0.5453,11,121553314,0.0093,403124,0.1542,121553314,{"v":1.5E-9,"d":"1.50E-09"},1.79076E-3,441640,11,8.2761649025646163E-5,36.55371439806992]
["rs6510177","C","T","C","T",-0.0130354,0.032,0.805589,0.8056,19,31211647,0.0119,403124,0.00713198,31211647,{"v":1.2E-8,"d":"1.20E-08"},2.28744E-3,441640,19,7.35273590384542e-05,32.47486358197915]
["rs6545770","T","A","T","A",-0.013728,-0.004,0.748101,0.7487,2,60204427,0.0107,403124,0.7121,60204427,{"v":2.70023E-11,"d":"2.70E-11"},0.00206041,441640,2,1.005067407975606E-4,44.39205769338913]
["rs68136852","A","C","A","C",-0.0141222,{"v":0.0009,"d":"9.00E-04"},0.152389,0.1525,17,27382061,0.0129,403124,0.9447,27382061,{"v":1.2E-8,"d":"1.20E-08"},0.00247848,441640,17,7.3507821415779158E-5,32.4662337565349]
["rs7040561","A","T","A","T",-0.0162685,0.0117,0.850635,0.8499,9,128528978,0.0131,403124,0.3702,128528978,{"v":1.09999E-10,"d":"1.10E-10"},2.52002E-3,441640,9,9.4357769466114121E-5,41.67590903729294]
["rs78854891","C","T","C","T",0.0221411,-0.0281,0.065728,0.0656,19,42752078,0.0189,403124,0.1364,42752078,{"v":1.09999E-9,"d":"1.10E-09"},0.00363312,441640,19,8.4087991643517812E-5,37.139575445769644]
["rs79642906","A","G","A","G",-0.0181581,0.0147,0.083314,0.0829,5,59650336,0.0169,403124,0.3824,59650336,{"v":1.89998e-08,"d":"1.90E-08"},0.00322812,441640,5,7.1637752424965871E-5,31.640220339728447]
["rs838133","G","A","G","A",-0.0206515,2E-3,0.549201,0.5491,19,49259529,0.0096,403124,0.8324,49259529,{"v":3.90032e-29,"d":"3.90E-29"},0.00184331,441640,19,2.8412839029859767E-4,125.51755713615538]
["rs9987289","G","A","G","A",0.0178679,-1.8E-3,0.908767,0.9083,8,9183358,0.0161,403124,0.9119,9183358,{"v":7.79992e-09,"d":"7.80E-09"},0.0030947,441640,8,7.5475975591429641E-5,33.335574943288556]

{"sheet":"cheese","index":4,"n_rows":52,"n_cols":21,"rows_kept":52}
["SNP","effect_allele.exposure","other_allele.exposure","effect_allele.outcome","other_allele.outcome","beta.exposure","beta.outcome","eaf.exposure","eaf.outcome","chr","pos","se.outcome","samplesize.outcome","pval.outcome","chr.exposure","se.exposure","pval.exposure","pos.exposure","samplesize.exposure","R2","F"]
["rs1024853","G","C","G","C",-0.0128634,0.0114,0.437902,0.4368,12,107291383,0.0094,403124,0.2253,12,0.00226242,{"v":1.29999E-8,"d":"1.30E-08"},107291383,451486,{"$f":"2*F2^2*H2*(1-H2)/(2*F2^2*H2*(1-H2)+P2^2*2*S2*H2*(1-H2))","v":7.1596155690595219E-5},{"$f":"(S2-2)*T2/(1-T2)","v":32.32683323279781}]
["rs1073242","A","G","A","G",0.015728,-0.0054,0.553825,0.5523,13,58715219,0.0095,403124,0.5689,13,0.00229156,{"v":6.70039e-12,"d":"6.70E-12"},58715219,451486,{"$f":"2*F3^2*H3*(1-H3)/(2*F3^2*H3*(1-H3)+P3^2*2*S3*H3*(1-H3))","v":1.0432657177043425E-4},{"$f":"(S3-2)*T3/(1-T3)","v":47.106692408929206}]
["rs113367286","T","C","T","C",0.0151797,-0.0113,0.278467,0.2788,7,140144414,0.0104,403124,0.2758,7,0.00249985,{"v":1.29999E-9,"d":"1.30E-09"},140144414,451486,8.1661757430217819E-5,36.8719879229582]
["rs11620149","C","T","C","T",-0.0176745,0.0293,0.143308,0.1429,13,89816082,0.0133,403124,0.02791,13,3.2085E-3,{"v":3.59998e-08,"d":"3.60E-08"},89816082,451486,6.72073404211135e-05,30.345078294693064]
["rs12296440","A","G","A","G",0.0187942,-0.0073,0.169681,0.1688,12,49927148,0.0124,403124,0.5563,12,2.97985E-3,{"v":2.80001e-10,"d":"2.80E-10"},49927148,451486,8.8100085746516224E-5,39.779283671482524]
["rs12447542","A","G","A","G",0.0197476,0.0143,0.12558,0.1255,16,7744180,0.0141,403124,0.3122,16,3.40698E-3,{"v":6.80002e-09,"d":"6.80E-09"},7744180,451486,7.4406841846258142E-5,33.59599835625237]
["rs12475594","G","A","G","A",0.0160073,-0.0022,0.178459,0.1786,2,58433375,0.0121,403124,0.8583,2,0.00292518,{"v":4.39997e-08,"d":"4.40E-08"},58433375,451486,6.6322041438268879E-5,29.9453265919065]
["rs12672200","A","G","A","G",-0.0137634,2.3E-3,0.325794,0.3258,7,115461436,0.0099,403124,0.8195,7,2.39456E-3,{"v":8.99995e-09,"d":"9.00E-09"},115461436,451486,7.3168466117593038E-5,33.036809009276]
["rs12786959","T","A","T","A",-0.0160712,0.0285,0.196267,0.1966,11,89943676,0.0117,403124,0.0147901,11,0.00281988,{"v":1.2E-8,"d":"1.20E-08"},89943676,451486,7.19382428211477e-05,32.48130226967287]
["rs1291145","C","T","C","T",-0.0202495,0.0224,0.685848,0.6869,20,35528475,0.01,403124,0.02558,20,2.41026E-3,{"v":4.40048e-17,"d":"4.40E-17"},35528475,451486,1.563106767195642E-4,70.58280241366577]
["rs12951057","G","C","G","C",-0.0211557,0.02,0.165627,0.1676,17,44794558,0.0126,403124,0.1111,17,3.04376E-3,{"v":3.59998e-12,"d":"3.60E-12"},44794558,451486,1.0699001127687401E-4,48.30944687959462]
["rs13257887","C","T","C","T",0.0161808,-0.0221,0.358942,0.359,8,10187716,0.0105,403124,0.0362903,8,2.56186E-3,{"v":2.69998e-10,"d":"2.70E-10"},10187716,451486,8.8349996084240417E-5,39.8921341019889]
["rs1434511","T","C","T","C",0.0129646,-0.0042,0.455286,0.4538,18,44829435,0.0094,403124,0.653699,18,0.00225868,{"v":9.49992E-9,"d":"9.50E-09"},44829435,451486,7.29680688442456e-05,32.946319623393826]
["rs1514755","G","A","G","A",0.0163749,-0.011,0.239596,0.2406,2,166299635,0.0109,403124,0.3097,2,0.00261651,{"v":3.89996e-10,"d":"3.90E-10"},166299635,451486,8.6742224196887215E-5,39.166123705990856]
["rs17115145","T","C","T","C",-0.0128806,0.0169,0.401282,0.4013,14,30122409,0.0095,403124,0.07519,14,0.00228956,{"v":1.79999E-8,"d":"1.80E-08"},30122409,451486,7.0096026142563511E-5,31.649452767817756]
["rs1806771","G","T","G","T",-0.0221467,0.0056,0.087876,0.0882,10,63682387,0.0167,403124,0.736,10,0.004035,{"v":4.09996e-08,"d":"4.10E-08"},63682387,451486,6.6720255722794568E-5,30.125137891653996]
["rs1931805","C","T","C","T",0.0126363,0.0057,0.500062,0.5001,6,62630863,0.0093,403124,0.5419,6,0.00223591,{"v":1.6e-08,"d":"1.60E-08"},62630863,451486,7.0738559051135855E-5,31.939586955000905]
["rs26579","C","G","C","G",-0.0128007,{"v":-0.0004,"d":"-4.00E-04"},0.586217,0.5881,5,87985295,0.0095,403124,0.9628,5,0.00229427,{"v":2.39999e-08,"d":"2.40E-08"},87985295,451486,6.8945218906191146E-5,31.129809464170823]
["rs2802530","A","G","A","G",0.0186266,-0.0488,0.876502,0.875,1,98546134,0.014,403124,0.000505103,1,3.39704E-3,{"v":4.20001e-08,"d":"4.20E-08"},98546134,451486,6.6587490493296645E-5,30.06518852333052]
["rs34198643","T","C","T","C",-0.0167006,0.0365,0.224165,0.2235,7,2203808,0.0111,403124,1.034E-3,7,2.67855E-3,{"v":4.49997e-10,"d":"4.50E-10"},2203808,451486,8.6095995617064725E-5,38.874311407719425]
["rs35270670","G","A","G","A",0.0163794,-0.0122,0.217962,0.2167,15,83481880,0.0113,403124,0.2791,15,2.70974E-3,{"v":1.5E-9,"d":"1.50E-09"},83481880,451486,8.09210110651846e-05,36.53749841106701]
["rs3911016","G","T","G","T",0.0213573,-0.0288,0.120938,0.1204,9,88029000,0.0143,403124,0.0439704,9,0.0034399,{"v":5.30005e-10,"d":"5.30E-10"},88029000,451486,8.5372833279507456E-5,38.54775919178392]
["rs4296548","G","T","G","T",0.0130245,-0.0116,0.609594,0.6092,3,36915814,0.0095,403124,0.2228,3,0.00228781,{"v":1.2E-8,"d":"1.20E-08"},36915814,451486,7.1780544644875838E-5,32.410093832634416]
["rs4681981","A","C","A","C",-0.0124361,-0.0116,0.469086,0.4693,3,56704919,0.0093,403124,0.2147,3,2.24121E-3,{"v":2.90001E-8,"d":"2.90E-08"},56704919,451486,6.8191368151493826E-5,30.789411230585433]
["rs4692708","C","A","C","A",0.0147298,-0.0222,0.252659,0.2528,4,170228542,0.0107,403124,0.0385798,4,0.00258904,{"v":1.29999E-8,"d":"1.30E-08"},170228542,451486,7.1687057967548967E-5,32.367880037513416]
["rs4860341","C","T","C","T",0.0243652,-1.9E-3,0.928742,0.9279,4,61251106,0.018,403124,0.9154,4,0.00435152,{"v":2.19999E-8,"d":"2.20E-08"},61251106,451486,6.9435816823402335E-5,31.35133722840594]
["rs504675","T","C","T","C",0.0274418,-2E-3,0.352634,0.3505,2,45154689,0.0097,403124,0.8374,2,0.00234182,{"v":1e-31,"d":"1.00E-31"},45154689,451486,3.0404776398608235E-4,137.31445082722942]
["rs524468","G","A","G","A",-0.0142421,-0.0114,0.260633,0.26,12,371786,0.0106,403124,0.2839,12,0.00255161,{"v":2.39999e-08,"d":"2.40E-08"},371786,451486,6.8999384320064374E-5,31.154267655647125]
["rs531358","T","C","T","C",0.0131666,-0.0126,0.649768,0.6494,1,93676011,0.0097,403124,0.193,1,2.33731E-3,{"v":1.79999E-8,"d":"1.80E-08"},93676011,451486,7.02813083602297e-05,31.73311646865371]
["rs61734410","T","C","T","C",0.016654,-0.012,0.255213,0.2552,16,1252369,0.0109,403124,0.2692,16,0.00262279,{"v":2.19999e-10,"d":"2.20E-10"},1252369,451486,8.9294973424871121E-5,40.31885205257707]
["rs61953351","T","G","T","G",0.0145932,0.0022,0.250366,0.2504,12,121456616,0.0107,403124,0.8359,12,0.00257996,{"v":1.5e-08,"d":"1.50E-08"},121456616,451486,7.0859822587904619E-5,31.994343254764377]
["rs62236533","A","G","A","G",0.0247617,-0.0204,0.108791,0.1088,22,41992169,0.0151,403124,0.1768,22,0.00364674,{"v":1.10002E-11,"d":"1.10E-11"},41992169,451486,1.0210868385568766E-4,46.10514475755146]
["rs62245792","A","T","A","T",-0.0179341,-0.0054,0.150049,0.1511,3,68410652,0.0131,403124,0.681299,3,0.00316317,{"v":1.40001E-8,"d":"1.40E-08"},68410652,451486,7.1193263269895651E-5,32.14490777502758]
["rs6685323","T","C","T","C",-0.0131886,-0.0183,0.309293,0.3104,1,154295592,0.01,403124,0.0687195,1,0.00241592,{"v":4.79999e-08,"d":"4.80E-08"},154295592,451486,6.600234133137321E-5,29.800968007316126]
["rs67238148","T","G","T","G",0.0165432,0.0096,0.217471,0.2188,11,7946480,0.0112,403124,0.3954,11,0.00271432,{"v":1.09999E-9,"d":"1.10E-09"},7946480,451486,8.2269134520234017E-5,37.146253919893994]
["rs6774906","C","A","C","A",0.0316294,0.0115,0.040653,0.0401,3,194803510,0.0237,403124,0.6277,3,0.00567262,{"v":2.5e-08,"d":"2.50E-08"},194803510,451486,6.8855768657802763E-5,31.08941854251029]
["rs6873324","C","A","C","A",-0.0124766,0.0173,0.425802,0.4256,5,153597288,0.0094,403124,0.0658506,5,0.00227073,{"v":3.89996e-08,"d":"3.90E-08"},153597288,451486,6.6863357541322571E-5,30.189754704549376]
["rs71386942","A","C","A","C",0.0144554,0.0095,0.268947,0.2691,16,71992817,0.0105,403124,0.3673,16,0.00252205,{"v":9.90011e-09,"d":"9.90E-09"},71992817,451486,7.2757363900311273E-5,32.85117584812387]
["rs72970243","A","G","A","G",0.0222011,-0.01,0.12044,0.1146,2,136484232,0.0146,403124,0.4945,2,0.00340166,{"v":6.70039e-11,"d":"6.70E-11"},136484232,451486,9.4336969276800084E-5,42.59565058154705]
["rs7298331","C","A","C","A",-0.013175,0.0081,0.604531,0.6039,12,22322789,0.0096,403124,0.3961,12,0.00230588,{"v":1.09999E-8,"d":"1.10E-08"},22322789,451486,7.2302306729560167E-5,32.645695010542795]
["rs73024305","C","G","C","G",0.0325373,-6.3E-3,0.054789,0.0547,11,124942269,0.0205,403124,0.759299,11,0.00492718,{"v":4.00037e-11,"d":"4.00E-11"},124942269,451486,9.657838378554586E-5,43.607806596514905]
["rs73335955","C","T","C","T",0.0277726,-0.0317,0.05334,0.0529,10,106766879,0.0207,403124,0.1261,10,0.00497824,{"v":2.39999e-08,"d":"2.40E-08"},106766879,451486,6.8929827794201923E-5,31.122859665194646]
["rs7386207","T","C","T","C",-0.0124974,-0.0041,0.563517,0.5636,8,144246027,0.0094,403124,0.6652,8,2.26925E-3,{"v":3.59998e-08,"d":"3.60E-08"},144246027,451486,6.7173996957127057E-5,30.330022231012606]
["rs77742462","G","A","G","A",-0.0474668,0.0245,0.020525,0.0208,3,107637010,0.0339,403124,0.4698,3,0.00827804,{"v":9.80009e-09,"d":"9.80E-09"},107637010,451486,7.2819711417602056E-5,32.87932885290332]
["rs78876700","A","G","A","G",0.0180965,0.0185,0.137431,0.1388,1,4670487,0.0135,403124,0.1715,1,3.27852E-3,{"v":3.40001e-08,"d":"3.40E-08"},4670487,451486,6.7477643198773368E-5,30.467132112224956]
["rs79184944","A","T","A","T",0.0196018,0.009,0.134346,0.1348,3,161549397,0.0136,403124,0.506001,3,0.00328458,{"v":2.39999e-09,"d":"2.40E-09"},161549397,451486,7.8877597438656026E-5,35.61478241046401]
["rs7936836","A","C","A","C",0.0159029,-0.0232,0.417538,0.4195,11,43633645,0.0094,403124,0.0139701,11,0.00227272,{"v":2.60016e-12,"d":"2.60E-12"},43633645,451486,1.0843498040716687E-4,48.96196788417754]
["rs919109","C","G","C","G",0.0199382,-0.0102,0.138752,0.1386,17,46675977,0.0135,403124,0.4476,17,0.00324329,{"v":7.90005E-10,"d":"7.90E-10"},46675977,451486,8.3698888501760593E-5,37.79187211401922]
["rs9504123","C","A","C","A",0.0141706,-0.0106,0.274743,0.2738,6,4478474,0.0104,403124,0.3085,6,0.00250387,{"v":1.5e-08,"d":"1.50E-08"},4478474,451486,7.0937818368328441E-5,32.02956209546474]
["rs9649582","T","A","T","A",-0.0146166,0.0193,0.317256,0.318,7,132526871,0.01,403124,0.0534897,7,0.00241153,{"v":1.40001E-9,"d":"1.40E-09"},132526871,451486,8.1363151357559271E-5,36.73715007781852]
["rs975303","G","A","G","A",0.0212756,-0.0124,0.181313,0.1821,6,19028788,0.012,403124,0.3029,6,0.00290699,{"v":2.49977E-13,"d":"2.50E-13"},19028788,451486,1.1862623528567728E-4,53.564201331268734]

{"sheet":"coffee","index":5,"n_rows":32,"n_cols":21,"rows_kept":32}
["SNP","effect_allele.exposure","other_allele.exposure","effect_allele.outcome","other_allele.outcome","beta.exposure","beta.outcome","eaf.exposure","eaf.outcome","chr","pos","se.outcome","samplesize.outcome","pval.outcome","chr.exposure","pval.exposure","se.exposure","samplesize.exposure","pos.exposure","R2","F"]
["rs10119174","C","G","C","G",-0.00939786,0.005,0.571035,0.571,9,27953724,0.0094,403124,0.5986,9,{"v":1E-8,"d":"1.00E-08"},0.00164159,428860,27953724,{"$f":"2*F2^2*H2*(1-H2)/(2*F2^2*H2*(1-H2)+Q2^2*2*R2*H2*(1-H2))","v":7.6415211087632108E-5},{"$f":"(R2-2)*T2/(1-T2)","v":32.77377901186106}]
["rs1057868","T","C","T","C",0.0199509,0.0259,0.284986,0.2846,7,75615006,0.0103,403124,0.0116099,7,{"v":5.40008e-29,"d":"5.40E-29"},1.78517E-3,428860,75615006,{"$f":"2*F3^2*H3*(1-H3)/(2*F3^2*H3*(1-H3)+Q3^2*2*R3*H3*(1-H3))","v":2.9115470818761512E-4},{"$f":"(R3-2)*T3/(1-T3)","v":124.90039118087103}]
["rs117810762","A","G","A","G",0.0359086,-0.0408,0.017881,0.0178,10,135315795,0.0356,403124,0.2519,10,{"v":6.19998e-09,"d":"6.20E-09"},0.00617871,428860,135315795,7.8750184374673084E-5,33.775306382158455]
["rs117968677","A","G","A","G",-0.0310299,0.0494,0.024207,0.0244,15,75174251,0.0314,403124,0.1158,15,{"v":1.89998e-08,"d":"1.90E-08"},5.51601E-3,428860,75174251,7.37841495378913e-05,31.645257720948834]
["rs12514566","A","G","A","G",-0.0113972,-0.0151,0.337107,0.3365,5,7391462,0.0098,403124,0.1229,5,{"v":2.39994e-11,"d":"2.40E-11"},0.00170562,428860,7391462,1.0410486451219971E-4,44.65085235590781]
["rs12989746","T","G","T","G",0.01035,0.0093,0.249928,0.25,2,49368391,0.0107,403124,0.3838,2,{"v":2.80001e-08,"d":"2.80E-08"},1.86429E-3,428860,49368391,7.186327533833396E-5,30.82135545860085]
["rs13054099","C","T","C","T",-0.0107777,-0.0041,0.261004,0.2604,22,41215672,0.0106,403124,0.7001,22,{"v":4.30002e-09,"d":"4.30E-09"},0.00183597,428860,41215672,8.03471697983317e-05,34.460295332573324]
["rs1527961","C","T","C","T",-0.0133431,{"v":-0.0004,"d":"-4.00E-04"},0.1349,0.1335,2,62780440,0.0137,403124,0.9741,2,{"v":1.7E-8,"d":"1.70E-08"},0.00236585,428860,62780440,7.4163688048491176E-5,31.80804993139237]
["rs17842490","G","A","G","A",-0.0451683,-0.02,0.014248,0.0142,22,24870527,0.0392,403124,0.6107,22,{"v":3.29989e-11,"d":"3.30E-11"},0.00680848,428860,24870527,1.0261410232422742E-4,44.01139488434162]
["rs1942965","C","T","C","T",-0.00890339,{"v":-0.0009,"d":"-9.00E-04"},0.504585,0.5045,18,55032486,0.0093,403124,0.9249,18,{"v":3.79997E-8,"d":"3.80E-08"},0.00161917,428860,55032486,7.04984775336374e-05,30.235967667808005]
["rs2465037","A","C","A","C",-0.0106317,-0.0149,0.343017,0.3425,6,51179260,0.0098,403124,0.1297,6,{"v":4.79999e-10,"d":"4.80E-10"},1.70743E-3,428860,51179260,9.0399246021768143E-5,38.771944804980606]
["rs2472297","T","C","T","C",0.0464708,0.0557,0.262883,0.2653,15,75027880,0.0105,403124,{"v":1.11099e-07,"d":"1.11E-07"},15,{"v":1.09901E-142,"d":"1.10E-142"},0.00182733,428860,75027880,1.5057620632888897E-3,646.7319313452839]
["rs2597805","T","C","T","C",0.00985502,-0.0082,0.682463,0.6843,4,17424930,0.0101,403124,0.4174,4,{"v":2E-8,"d":"2.00E-08"},0.00175623,428860,17424930,7.3418382008740024E-5,31.48837229685035]
["rs34060476","G","A","G","A",0.0184292,-0.0077,0.133855,0.1343,7,73037956,0.0136,403124,0.574101,7,{"v":7.50067e-15,"d":"7.50E-15"},0.00237033,428860,73037956,1.4093491152100684E-4,60.449583741812084]
["rs4410790","C","T","C","T",0.039072,0.0226,0.632141,0.6325,7,17284577,0.0096,403124,0.0191501,7,{"v":1.1995E-120,"d":"1.20E-120"},0.00167288,428860,17284577,1.2703813075811482E-3,545.5061876706227]
["rs442355","C","G","C","G",-0.0111372,-0.0198,0.254435,0.2547,8,109128653,0.0107,403124,0.0630507,8,{"v":1.89998e-09,"d":"1.90E-09"},1.85374E-3,428860,109128653,8.4159336368912384E-5,36.095442444981146]
["rs4615895","A","G","A","G",0.0122025,0.0031,0.740926,0.7404,1,96274668,0.0106,403124,0.7723,1,{"v":4.19952e-11,"d":"4.20E-11"},1.84972E-3,428860,96274668,1.0146728448681373E-4,43.51947249314214]
["rs56113850","C","T","C","T",0.0126667,0.009,0.578109,0.5771,19,41353107,0.0094,403124,0.3384,19,{"v":8.9002e-15,"d":"8.90E-15"},0.00163351,428860,41353107,1.4018674331598907E-4,60.128635602613606]
["rs57918684","A","G","A","G",0.0128864,-1.4E-3,0.154747,0.1551,17,60150383,0.0129,403124,0.9151,17,{"v":8.60003e-09,"d":"8.60E-09"},0.00223845,428860,60150383,7.7271495686391455E-5,33.14105995634593]
["rs6062682","T","C","T","C",0.0103704,0.0084,0.464546,0.4644,20,62891820,0.0094,403124,0.3725,20,{"v":2.5e-10,"d":"2.50E-10"},0.00163929,428860,62891820,9.330896455871607E-5,40.02003015029679]
["rs6063085","C","A","C","A",0.0104106,-2.3E-3,0.373473,0.3735,20,45840459,0.0096,403124,0.8114,20,{"v":4.49997e-10,"d":"4.50E-10"},0.00166919,428860,45840459,9.0695354021745728E-5,38.898956089651456]
["rs61928609","C","A","C","A",-0.0147305,{"v":-0.0007,"d":"-7.00E-04"},0.835328,0.835,12,11316437,0.0125,403124,0.955,12,{"v":1.29987E-11,"d":"1.30E-11"},0.00217536,428860,11316437,1.0690812834948943E-4,45.85330819906353]
["rs62064918","T","C","T","C",-0.0103075,-0.0138,0.244545,0.2456,17,46155786,0.0108,403124,0.2007,17,{"v":4.09996e-08,"d":"4.10E-08"},1.87872E-3,428860,46155786,7.0183746356611363E-5,30.100973694106468]
["rs630194","C","T","C","T",-0.0113533,-0.0092,0.343374,0.343,18,40950954,0.0098,403124,0.3476,18,{"v":2.29985e-11,"d":"2.30E-11"},1.69853E-3,428860,40950954,1.0416864147568633E-4,44.678209314347725]
["rs6469262","C","T","C","T",-0.00915347,-0.013,0.564966,0.566,8,110443480,0.0094,403124,0.1644,8,{"v":1.89998e-08,"d":"1.90E-08"},0.00162895,428860,110443480,7.3622150811965124E-5,31.575773029241702]
["rs7224815","T","A","T","A",-0.0108602,-0.0113,0.407832,0.407,17,17845800,0.0095,403124,0.2314,17,{"v":3.69999e-11,"d":"3.70E-11"},0.00164162,428860,17845800,1.0204001611394468E-4,43.76514302649374]
["rs73075167","T","A","T","A",-0.0160639,-3.8E-3,0.12918,0.1303,7,17570479,0.014,403124,0.7838,7,{"v":5.00035E-11,"d":"5.00E-11"},2.44429E-3,428860,17570479,1.0070180248654199E-4,43.19112303471444]
["rs75347775","A","G","A","G",0.0104504,0.0249,0.244531,0.2442,19,18495908,0.0108,403124,0.0212398,19,{"v":2.69998e-08,"d":"2.70E-08"},0.00187898,428860,18495908,7.2123143570993568E-5,30.932818077648427]
["rs7811609","T","C","T","C",9.13864E-3,-0.0064,0.374746,0.3742,7,32930597,0.0096,403124,0.502599,7,{"v":4e-08,"d":"4.00E-08"},1.66468E-3,428860,32930597,7.0267670486322181E-5,30.13697028412054]
["rs78267637","G","C","G","C",-0.0254259,-0.0072,0.038115,0.0389,8,33790200,0.0245,403124,0.7693,8,{"v":3.89996e-09,"d":"3.90E-09"},0.00431659,428860,33790200,8.08947605368819E-5,34.695171871946464]
["rs8056750","T","C","T","C",0.0105333,0.0054,0.359129,0.3591,16,70927078,0.01,403124,0.5918,16,{"v":1.29999E-9,"d":"1.30E-09"},0.00173692,428860,70927078,8.57465179833788e-05,36.77623364329532]

{"sheet":"cooked vegetable","index":6,"n_rows":11,"n_cols":21,"rows_kept":11}
["SNP","effect_allele.exposure","other_allele.exposure","effect_allele.outcome","other_allele.outcome","beta.exposure","beta.outcome","eaf.exposure","eaf.outcome","chr","pos","se.outcome","samplesize.outcome","pval.outcome","samplesize.exposure","se.exposure","pval.exposure","chr.exposure","pos.exposure","R2","F"]
["rs10161952","C","A","C","A",-0.0095798,0.0139,0.31274,0.3136,13,59474383,0.01,403124,0.164,448651,1.68589E-3,{"v":1.29999E-8,"d":"1.30E-08"},13,59474383,{"$f":"2*F2^2*H2*(1-H2)/(2*F2^2*H2*(1-H2)+P2^2*2*O2*H2*(1-H2))","v":7.19638717047119e-05},{"$f":"(O2-2)*T2/(1-T2)","v":32.28884270658132}]
["rs11138705","C","G","C","G",0.0103715,0.0161,0.757204,0.758,9,83121545,0.0109,403124,0.1383,448651,1.83004E-3,{"v":1.40001E-8,"d":"1.40E-08"},9,83121545,{"$f":"2*F3^2*H3*(1-H3)/(2*F3^2*H3*(1-H3)+P3^2*2*O3*H3*(1-H3))","v":7.1585036111284752E-5},{"$f":"(O3-2)*T3/(1-T3)","v":32.11885409562208}]
["rs1816263","C","T","C","T",0.00958122,0.0141,0.280188,0.281,5,141217079,0.0103,403124,0.1727,448651,1.74063E-3,{"v":3.69999e-08,"d":"3.70E-08"},5,141217079,6.7529063575730452E-5,30.298892900052813]
["rs2052063","T","C","T","C",-0.00945755,-0.0037,0.515902,0.5161,10,118040352,0.0093,403124,0.6894,448651,0.0015679,{"v":1.6e-09,"d":"1.60E-09"},10,118040352,8.1091757417906673E-5,36.38468637194741]
["rs2102738","C","A","C","A",-0.0121578,0.0071,0.172403,0.1708,2,172525884,0.0124,403124,0.5672,448651,0.00208302,{"v":5.30005e-09,"d":"5.30E-09"},2,172525884,7.5924422121208783E-5,34.06600250181213]
["rs2252508","G","A","G","A",0.0091021,0.0029,0.480256,0.4796,1,153913770,0.0093,403124,0.756,448651,0.00156216,{"v":5.69994e-09,"d":"5.70E-09"},1,153913770,7.5664240436940891E-5,33.9492545523522]
["rs2844672","A","G","A","G",-0.00964215,0.0016,0.624125,0.6218,6,31005139,0.0096,403124,0.8642,448651,0.00160923,{"v":2.1e-09,"d":"2.10E-09"},6,31005139,8.0014396672378941E-5,35.901251669658265]
["rs28450747","A","G","A","G",-0.0101604,0.0027,0.23257,0.2324,4,42137653,0.011,403124,0.8063,448651,0.0018547,{"v":4.30002e-08,"d":"4.30E-08"},4,42137653,6.688620850384926E-5,30.010437843446354]
["rs34155012","T","C","T","C",0.0105584,0.0171,0.227386,0.2279,22,48977215,0.0114,403124,0.1335,448651,0.00192208,{"v":3.89996e-08,"d":"3.90E-08"},22,48977215,6.7253587164470407E-5,30.175284023846793]
["rs838133","G","A","G","A",0.0116877,2E-3,0.549575,0.5491,19,49259529,0.0096,403124,0.8324,448651,1.61465E-3,{"v":4.49987e-13,"d":"4.50E-13"},19,49259529,{"$f":"2*F11^2*H11*(1-H11)/(2*F11^2*H11*(1-H11)+P11^2*2*O11*H11*(1-H11))","v":1.1677287167192277E-4},52.39615055170095]

{"sheet":"dried fruit","index":7,"n_rows":32,"n_cols":21,"rows_kept":32}
["SNP","effect_allele.exposure","other_allele.exposure","effect_allele.outcome","other_allele.outcome","beta.exposure","beta.outcome","eaf.exposure","eaf.outcome","chr","pos","se.outcome","samplesize.outcome","pval.outcome","se.exposure","pval.exposure","chr.exposure","pos.exposure","samplesize.exposure","R2","F"]
["rs10026792","A","G","A","G",0.0108465,-0.0209,0.290404,0.2916,4,2862190,0.0102,403124,0.0410204,0.0018423,{"v":3.89996e-09,"d":"3.90E-09"},4,2862190,421764,{"$f":"2*F2^2*H2*(1-H2)/(2*F2^2*H2*(1-H2)+O2^2*2*R2*H2*(1-H2))","v":1.21102976499073E-5},{"$f":"(R2-2)*T2/(1-T2)","v":34.66236838159123}]
["rs10129747","G","A","G","A",0.00935902,-0.0274,0.530254,0.5312,14,77433198,0.0093,403124,3.35498E-3,1.68126E-3,{"v":2.59998E-8,"d":"2.60E-08"},14,77433198,421764,{"$f":"2*F3^2*H3*(1-H3)/(2*F3^2*H3*(1-H3)+O3^2*2*R3*H3*(1-H3))","v":4.0018759278102006E-7},{"$f":"(R3-2)*T3/(1-T3)","v":30.987816709520686}]
["rs10896126","G","A","G","A",-0.015009,-0.0136,0.303582,0.3029,11,66292908,0.0101,403124,0.1775,1.81919E-3,{"v":1.59993e-16,"d":"1.60E-16"},11,66292908,421764,1.0267858592624281E-6,68.06868834218002]
["rs11152349","A","G","A","G",0.00991215,0.0293,0.302856,0.3018,18,60233646,0.0101,403124,3.73603E-3,0.0018176,{"v":4.90004e-08,"d":"4.90E-08"},18,60233646,421764,4.9374161859743586E-7,29.739871566394054]
["rs11586016","C","G","C","G",0.00987818,-0.0027,0.371004,0.3713,1,44031793,0.0096,403124,0.777301,0.00173034,{"v":1.09999E-8,"d":"1.10E-08"},1,44031793,421764,7.4015773892819853E-7,32.59049498962608]
["rs11632215","C","A","C","A",-0.0141434,5.3E-3,0.120179,0.1203,15,45319982,0.0144,403124,0.710201,0.00258382,{"v":4.39997e-08,"d":"4.40E-08"},15,45319982,421764,6.6113952489836e-07,29.962849855227496]
["rs11720884","G","A","G","A",0.0111797,-0.0257,0.250137,0.2505,3,43941406,0.0107,403124,0.0166802,0.00193554,{"v":7.59994e-09,"d":"7.60E-09"},3,43941406,421764,7.59244612400449e-07,33.36229957845776]
["rs11811826","A","T","A","T",0.0132178,-2.3E-3,0.224231,0.224,1,204603861,0.0111,403124,0.8371,0.0020058,{"v":4.40048e-11,"d":"4.40E-11"},1,204603861,421764,2.1224095027782885E-7,43.4253266813035]
["rs12137234","T","C","T","C",0.0102051,-0.016,0.303772,0.3043,1,72270797,0.0102,403124,0.1161,0.00183744,{"v":2.80001e-08,"d":"2.80E-08"},1,72270797,421764,4.2682039856272562E-7,30.8466626923299]
["rs1582322","G","A","G","A",0.00994346,-0.0215,0.604805,0.6056,16,52105988,0.0095,403124,0.0239602,0.00171571,{"v":6.80002e-09,"d":"6.80E-09"},16,52105988,421764,6.4461347810955685E-7,33.58824251722171]
["rs1622515","G","A","G","A",0.00991719,-0.0161,0.484704,0.4831,11,95523433,0.0093,403124,0.0830596,1.67077E-3,{"v":2.90001e-09,"d":"2.90E-09"},11,95523433,421764,3.6883646262784019E-7,35.23253738315903]
["rs1797235","C","G","C","G",-0.0100206,-0.0256,0.374623,0.3742,15,47821612,0.0097,403124,0.00825696,0.00174235,{"v":8.9e-09,"d":"8.90E-09"},15,47821612,421764,6.91659173784954e-07,33.07627813917751]
["rs2328887","C","T","C","T",0.0189482,-0.049,0.899467,0.8989,6,25430149,0.0154,403124,1.41E-3,0.00277607,{"v":8.80035e-12,"d":"8.80E-12"},6,25430149,421764,1.8319996823267308E-6,46.588106574918505]
["rs2533273","A","C","A","C",-0.00987659,0.0173,0.48453,0.484,7,153485282,0.0093,403124,0.0623993,0.00167714,{"v":3.89996e-09,"d":"3.90E-09"},7,153485282,421764,2.2594804213363739E-7,34.67970634814488]
["rs261809","G","A","G","A",-0.00962858,-0.0048,0.540636,0.5421,1,241054465,0.0093,403124,0.610299,1.67902E-3,{"v":9.80009e-09,"d":"9.80E-09"},1,241054465,421764,1.3642611378679868E-7,32.8861280845803]
["rs3764002","T","C","T","C",0.0131215,-0.0564,0.261416,0.2615,12,108618630,0.0106,403124,{"v":9.14998e-08,"d":"9.15E-08"},1.90081E-3,{"v":5.10035e-12,"d":"5.10E-12"},12,108618630,421764,4.3871758459416346E-7,47.65292302426726]
["rs4140799","A","G","A","G",0.0094566,-0.0095,0.531856,0.53,14,72170969,0.0093,403124,0.3055,0.00167846,{"v":1.79999E-8,"d":"1.80E-08"},14,72170969,421764,4.3983047724093622E-7,31.743004820090817]
["rs4149513","A","G","A","G",0.01173,-0.0122,0.493537,0.4946,2,101022726,0.0093,403124,0.188,1.67139E-3,{"v":2.19989e-12,"d":"2.20E-12"},2,101022726,421764,4.87552211010155e-07,49.25387646230503]
["rs4269101","G","T","G","T",-0.0138099,0.0119,0.718948,0.7204,3,18763543,0.0103,403124,0.2486,1.85921E-3,{"v":1.10002E-13,"d":"1.10E-13"},3,18763543,421764,2.9404110792690569E-6,55.17268607309661]
["rs57499472","C","T","C","T",0.00991231,-0.0017,0.404131,0.4046,3,147239337,0.0095,403124,0.8566,0.00171869,{"v":8.10009e-09,"d":"8.10E-09"},3,147239337,421764,2.2590752634687494E-7,33.26248146505375]
["rs62084586","C","T","C","T",0.0133946,-0.0113,0.165729,0.167,17,56419228,0.0125,403124,0.3646,0.00226174,{"v":3.2e-09,"d":"3.20E-09"},17,56419228,421764,6.2165113497790525E-7,35.07309768070592]
["rs72720396","G","A","G","A",0.0114265,0.0065,0.229157,0.2302,1,91191582,0.011,403124,0.5574,1.98541E-3,{"v":8.70001E-9,"d":"8.70E-09"},1,91191582,421764,3.63221150975247e-07,33.12272267772477]
["rs746868","G","C","G","C",-0.0129055,-0.0049,0.614662,0.6161,6,31540429,0.0095,403124,0.6039,1.71452E-3,{"v":5.19996e-14,"d":"5.20E-14"},6,31540429,421764,1.7963716103499502E-6,56.65842942070915]
["rs75641275","C","A","C","A",-0.0141613,0.0418,0.143372,0.1444,1,98327133,0.0132,403124,0.00155199,0.00238518,{"v":2.90001e-09,"d":"2.90E-09"},1,98327133,421764,3.5850102048460564E-7,35.250389442124096]
["rs7582086","T","G","T","G",-0.00962821,0.0097,0.468273,0.4692,2,60231826,0.0093,403124,0.2969,1.67381E-3,{"v":8.79995E-9,"d":"8.80E-09"},2,60231826,421764,5.49354294199705e-07,33.088629339261466]
["rs7599488","T","C","T","C",-0.0104154,0.0081,0.426408,0.4273,2,60718347,0.0094,403124,0.3869,0.00168729,{"v":6.69993E-10,"d":"6.70E-10"},2,60718347,421764,6.275556291559896E-7,38.104163110267486]
["rs7808471","C","T","C","T",-0.0115362,0.0148,0.322136,0.3223,7,132716502,0.0099,403124,0.1344,1.78604E-3,{"v":1.09999E-10,"d":"1.10E-10"},7,132716502,421764,3.1435337554354604E-7,41.71989288011418]
["rs7829800","G","A","G","A",-0.0104463,-5.3E-3,0.671041,0.67,8,144258705,0.0099,403124,0.589599,0.00178709,{"v":5.1e-09,"d":"5.10E-09"},8,144258705,421764,2.3685906270059048E-7,34.16898927221764]
["rs8081370","T","C","T","C",-0.0166666,0.0301,0.910232,0.9104,17,1373612,0.0164,403124,0.06601,0.00293795,{"v":1.40001E-8,"d":"1.40E-08"},17,1373612,421764,2.3427771157496026E-5,32.18137467752959]
["rs862227","G","A","G","A",-0.0091646,0.0072,0.458327,0.4597,16,73602926,0.0093,403124,0.4407,1.67238E-3,{"v":4.30002e-08,"d":"4.30E-08"},16,73602926,421764,4.080015769813755E-7,30.030121314777183]
["rs893856","A","G","A","G",-0.013361,-0.014,0.148988,0.1484,10,126723567,0.0131,403124,0.2837,0.00234923,{"v":1.29999E-8,"d":"1.30E-08"},10,126723567,421764,2.5525211648449428E-7,32.3464664312144]

{"sheet":"fresh fruit","index":8,"n_rows":45,"n_cols":21,"rows_kept":45}
["SNP","effect_allele.exposure","other_allele.exposure","effect_allele.outcome","other_allele.outcome","beta.exposure","beta.outcome","eaf.exposure","eaf.outcome","chr","pos","se.outcome","samplesize.outcome","pval.outcome","pval.exposure","pos.exposure","samplesize.exposure","chr.exposure","se.exposure","R2","F"]
["rs10064431","C","T","C","T",-0.00757392,-0.0157,0.522495,0.5239,5,92950673,0.0093,403124,0.0919793,{"v":5.99998e-10,"d":"6.00E-10"},92950673,446462,5,1.22365E-3,{"$f":"2*F2^2*H2*(1-H2)/(2*F2^2*H2*(1-H2)+S2^2*2*Q2*H2*(1-H2))","v":8.5803545151017364E-5},{"$f":"(Q2-2)*T2/(1-T2)","v":38.31113799958234}]
["rs10192394","T","C","T","C",-0.00766096,0.0013,0.528785,0.5306,2,146298007,0.0093,403124,0.8928,{"v":4.49997e-10,"d":"4.50E-10"},146298007,446462,2,0.0012287,{"$f":"2*F3^2*H3*(1-H3)/(2*F3^2*H3*(1-H3)+S3^2*2*Q3*H3*(1-H3))","v":8.7066754965284742E-5},{"$f":"(Q3-2)*T3/(1-T3)","v":38.875208160024116}]
["rs10249294","A","G","A","G",0.0195637,{"v":-0.0003,"d":"-3.00E-04"},0.372973,0.3738,7,143723137,0.0096,403124,0.9711,{"v":4.10015e-54,"d":"4.10E-54"},143723137,446462,7,0.00126299,5.3713608173733133E-4,239.93865476132476]
["rs10271924","T","C","T","C",-7.04676E-3,0.0152,0.492595,0.4923,7,153495206,0.0095,403124,0.1099,{"v":2E-8,"d":"2.00E-08"},153495206,446462,7,1.25592E-3,7.0508241795184145E-5,31.481329325058002]
["rs1051547","C","T","C","T",-0.00757523,0.0075,0.561537,0.5606,16,19279380,0.0094,403124,0.4237,{"v":1.09999E-9,"d":"1.10E-09"},19279380,446462,16,1.24161E-3,8.3368221188024838E-5,37.22367930353518]
["rs10840126","G","A","G","A",-0.00771754,-0.0074,0.376121,0.378,11,8825774,0.0097,403124,0.4482,{"v":1.89998e-09,"d":"1.90E-09"},8825774,446462,11,0.00128576,8.0689757785157e-05,36.02765632362351]
["rs11032362","A","G","A","G",0.0123929,0.0227,0.090976,0.0909,11,33759092,0.0161,403124,0.1592,{"v":5.30005e-09,"d":"5.30E-09"},33759092,446462,11,0.00212339,7.6290194318928844E-5,34.0631188375842]
["rs11085749","A","G","A","G",-0.00773361,0.0186,0.387076,0.3875,19,10961273,0.0095,403124,0.0512295,{"v":7.10003e-10,"d":"7.10E-10"},10961273,446462,19,0.00125477,8.5077521650406843E-5,37.98694215093391]
["rs11248509","T","A","T","A",0.00732973,0.0119,0.371237,0.3713,10,125134393,0.0096,403124,0.2152,{"v":7.39997e-09,"d":"7.40E-09"},125134393,446462,10,1.26801E-3,7.48365217940903e-05,33.414014108784635]
["rs11896330","A","G","A","G",-0.00844567,0.0174,0.632839,0.6324,2,60235568,0.0097,403124,0.0711295,{"v":3.40017e-11,"d":"3.40E-11"},60235568,446462,2,1.2744E-3,9.836247995971736E-5,43.91923280747229]
["rs12044599","G","A","G","A",0.00942073,-0.0041,0.21008,0.2102,1,204564714,0.0114,403124,0.7206,{"v":3.69999e-10,"d":"3.70E-10"},204564714,446462,1,0.0015033,8.7953899523086351E-5,39.27135204962944]
["rs12536253","C","G","C","G",-0.00815943,-0.0257,0.24901,0.2487,7,127595077,0.0108,403124,0.0168202,{"v":8.30004e-09,"d":"8.30E-09"},127595077,446462,7,1.41599E-3,7.4367378117158909E-5,33.20452896794773]
["rs12641371","T","C","T","C",0.00791271,-0.0117,0.433148,0.4336,4,59882235,0.0094,403124,0.2134,{"v":1.40001e-10,"d":"1.40E-10"},59882235,446462,4,1.23354E-3,9.2155126535819448E-5,41.14736973424643]
["rs12780952","A","G","A","G",0.00747457,0.0012,0.286382,0.2849,10,107577033,0.0103,403124,0.9109,{"v":3.40001e-08,"d":"3.40E-08"},107577033,446462,10,0.00135361,6.8292208611818239E-5,30.49182181068842]
["rs12885598","A","G","A","G",0.00751549,-0.0088,0.596671,0.597,14,32071665,0.0095,403124,0.3517,{"v":1.7e-09,"d":"1.70E-09"},32071665,446462,14,1.24738E-3,8.1301253030298374E-5,36.30070872101192]
["rs13072255","C","A","C","A",0.00898012,-0.0164,0.493966,0.4936,3,21038260,0.0093,403124,0.0767892,{"v":2.09991e-13,"d":"2.10E-13"},21038260,446462,3,0.00122355,1.2063794803090811E-4,53.86651662391231]
["rs139042899","C","A","C","A",0.035995,{"v":-0.0005,"d":"-5.00E-04"},0.013469,0.0136,17,58443095,0.0483,403124,0.9916,{"v":3.2e-09,"d":"3.20E-09"},58443095,446462,17,0.00608106,7.8470640543721674E-5,35.03675153348538]
["rs149449","A","G","A","G",0.00728855,-0.0035,0.489167,0.4888,5,95902093,0.0093,403124,0.7045,{"v":2.39999e-09,"d":"2.40E-09"},95902093,446462,5,1.22061E-3,7.9856311130014075E-5,35.65549598348684]
["rs17049185","T","G","T","G",0.00804043,0.0073,0.267872,0.2678,2,58072660,0.0105,403124,0.4888,{"v":7.29995e-09,"d":"7.30E-09"},58072660,446462,2,1.39033E-3,7.4904124245252419E-5,33.44420041907887]
["rs1866823","A","G","A","G",0.00743079,-0.0035,0.544469,0.5445,8,57436577,0.0094,403124,0.708101,{"v":2.1e-09,"d":"2.10E-09"},57436577,446462,8,0.0012406,8.0350211602112231E-5,35.87603811913334]
["rs2048522","T","A","T","A",0.0095625,-0.0035,0.434968,0.4346,18,44800515,0.0095,403124,0.715201,{"v":1.80011E-14,"d":"1.80E-14"},44800515,446462,18,1.24771E-3,0.000131544880654583,58.737254002112806]
["rs2093654","G","A","G","A",0.00712915,0.017,0.388133,0.3871,9,5780121,0.0096,403124,0.0751796,{"v":1.5e-08,"d":"1.50E-08"},5780121,446462,9,0.00125874,7.184354199763221E-5,32.07757232667751]
["rs2143081","A","G","A","G",0.00832073,3.3E-3,0.539822,0.5375,6,50782834,0.0093,403124,0.726501,{"v":1.29987E-11,"d":"1.30E-11"},50782834,446462,6,0.00122891,1.0267237552200368E-4,45.84381566901149]
["rs2302593","G","C","G","C",0.00852802,0.0016,0.486625,0.4862,19,46196634,0.0093,403124,0.8599,{"v":3.10027e-12,"d":"3.10E-12"},46196634,446462,19,1.22303E-3,1.0889060396601726E-4,48.62059337244558]
["rs2790688","T","C","T","C",0.0114466,-0.0091,0.154068,0.1543,1,153992909,0.0129,403124,0.4801,{"v":1.50003e-11,"d":"1.50E-11"},153992909,446462,1,0.00169613,1.0200135491807963E-4,45.544170483823805]
["rs329274","G","A","G","A",0.0068183,0.003,0.485636,0.4861,7,35078743,0.0093,403124,0.7502,{"v":2.80001e-08,"d":"2.80E-08"},35078743,446462,7,1.22813E-3,6.9031776510577515E-5,30.822054642100092]
["rs34162196","T","C","T","C",-0.0181417,0.0039,0.1008,0.1007,14,22038125,0.0154,403124,0.7994,{"v":4.00037e-19,"d":"4.00E-19"},22038125,446462,14,0.0020297,1.7890812008855501E-4,79.8896121950687]
["rs4302893","A","G","A","G",0.00738857,0.0049,0.334189,0.3343,9,1734863,0.0099,403124,0.617,{"v":1.29999E-8,"d":"1.30E-08"},1734863,446462,9,1.29959E-3,7.2392257754092668E-5,32.32258730196346]
["rs4953150","T","C","T","C",-0.00843921,1E-3,0.344088,0.3436,2,45157336,0.0098,403124,0.9189,{"v":6.59933e-11,"d":"6.60E-11"},45157336,446462,2,1.29268E-3,9.54543162415969e-05,42.62060234967844]
["rs559734","C","G","C","G",0.00776806,-1.8E-3,0.711817,0.7102,1,97304868,0.0103,403124,0.8638,{"v":1.09999E-8,"d":"1.10E-08"},97304868,446462,1,1.36078E-3,7.2984915403851575E-5,32.58722370696908]
["rs60452247","A","G","A","G",0.00796969,-0.0048,0.363079,0.364,11,63981507,0.0096,403124,0.6165,{"v":3.40001e-10,"d":"3.40E-10"},63981507,446462,11,1.26932E-3,8.8291270233195141E-5,39.42200112686693]
["rs62051554","A","G","A","G",0.0116118,-4.3E-3,0.108545,0.1089,16,72826387,0.0153,403124,0.7799,{"v":4.60002e-09,"d":"4.60E-09"},72826387,446462,16,0.00198143,7.6917244786308108E-5,34.343114685054076]
["rs6475724","T","C","T","C",0.00772163,-0.0022,0.727296,0.7255,9,23274223,0.0104,403124,0.8341,{"v":1.89998e-08,"d":"1.90E-08"},23274223,446462,9,0.00137406,7.0727997554384368E-5,31.579455339770483]
["rs72974263","T","C","T","C",0.00738684,-0.0249,0.318282,0.3168,2,225447371,0.01,403124,0.0126299,{"v":1.79999E-8,"d":"1.80E-08"},225447371,446462,2,0.00131242,7.0950651798264372E-5,31.678875638727916]
["rs739320","C","T","C","T",-0.00899731,2E-3,0.60575,0.605,19,49261368,0.0097,403124,0.8326,{"v":1.9002e-12,"d":"1.90E-12"},49261368,446462,19,0.00127708,1.1116200749197171E-4,49.634907380811825]
["rs7554485","C","T","C","T",-0.00801014,-0.0117,0.611539,0.6112,1,65945906,0.0095,403124,0.2185,{"v":1.7e-10,"d":"1.70E-10"},65945906,446462,1,0.00125414,9.1361662551634455E-5,40.79305478410836]
["rs7818437","C","T","C","T",-0.00804815,-0.0136,0.235903,0.2365,8,10209623,0.011,403124,0.2181,{"v":2.99999e-08,"d":"3.00E-08"},10209623,446462,8,1.45251E-3,6.8760574775664454E-5,30.700957229808438]
["rs78537042","A","C","A","C",-0.0119259,0.0079,0.086801,0.0868,21,33068937,0.0166,403124,0.634,{"v":4.79999e-08,"d":"4.80E-08"},33068937,446462,21,2.18432E-3,6.6763071113009427E-5,29.809030871562076]
["rs7869969","G","A","G","A",0.00756738,-0.0127,0.330836,0.3316,9,96217447,0.0098,403124,0.1982,{"v":5.69994e-09,"d":"5.70E-09"},96217447,446462,9,1.29919E-3,7.5985066155311316E-5,33.926870571205086]
["rs7982441","C","T","C","T",-0.00841258,0.0059,0.731883,0.7325,13,55924013,0.0105,403124,0.575,{"v":9.80009e-10,"d":"9.80E-10"},55924013,446462,13,0.00137614,8.3697469145070931E-5,37.370699907510804]
["rs8095324","G","A","G","A",-6.94613E-3,-0.0221,0.404041,0.404,18,24131659,0.0095,403124,0.0196802,{"v":2.69998e-08,"d":"2.70E-08"},24131659,446462,18,0.00124903,6.9266858479067142E-5,30.927023854348814]
["rs817223","C","T","C","T",-0.00726908,-0.007,0.481314,0.4805,2,104094008,0.0093,403124,0.4503,{"v":2.80001e-09,"d":"2.80E-09"},104094008,446462,2,1.22339E-3,7.906972042499723E-5,35.30425887882363]
["rs862227","G","A","G","A",-0.0101452,0.0072,0.457858,0.4597,16,73602926,0.0093,403124,0.4407,{"v":1.10002E-16,"d":"1.10E-16"},73602926,446462,16,0.00122398,1.5385841627606325E-4,68.70219894213511]
["rs9517948","T","C","T","C",6.95315E-3,-0.0102,0.451352,0.4512,13,100650708,0.0094,403124,0.2757,{"v":1.7E-8,"d":"1.70E-08"},100650708,446462,13,0.00123287,7.1238241008980986E-5,31.807290976330066]

{"sheet":"hot drink","index":9,"n_rows":62,"n_cols":21,"rows_kept":62}
["SNP","effect_allele.exposure","other_allele.exposure","effect_allele.outcome","other_allele.outcome","beta.exposure","beta.outcome","eaf.exposure","eaf.outcome","chr","pos","se.outcome","samplesize.outcome","pval.outcome","chr.exposure","samplesize.exposure","se.exposure","pval.exposure","pos.exposure","R2","F"]
["rs1001880","C","T","C","T",0.00738412,1.5E-3,0.313764,0.3113,1,37144802,0.0101,403124,0.8826,1,457873,1.2841E-3,{"v":8.9e-09,"d":"8.90E-09"},37144802,{"$f":"2*F2^2*H2*(1-H2)/(2*F2^2*H2*(1-H2)+Q2^2*2*P2*H2*(1-H2))","v":7.2214332558775707E-5},{"$f":"(P2-2)*T2/(1-T2)","v":33.067236591439205}]
["rs1027583","C","G","C","G",-7.66076E-3,-0.0073,0.272924,0.2714,9,8267866,0.0105,403124,0.485801,9,457873,1.34369E-3,{"v":1.2E-8,"d":"1.20E-08"},8267866,{"$f":"2*F3^2*H3*(1-H3)/(2*F3^2*H3*(1-H3)+Q3^2*2*P3*H3*(1-H3))","v":7.0985505441281913E-5},{"$f":"(P3-2)*T3/(1-T3)","v":32.504511711098125}]
["rs10744560","T","C","T","C",-0.00689025,0.0134,0.340057,0.3409,12,2387099,0.0098,403124,0.1707,12,457873,0.00125393,{"v":3.89996e-08,"d":"3.90E-08"},2387099,6.5940115070495445E-5,30.19405742706401]
["rs10764990","A","G","A","G",0.00948211,0.0102,0.607319,0.6061,10,129152608,0.0095,403124,0.2811,10,457873,1.21444E-3,{"v":5.79963e-15,"d":"5.80E-15"},129152608,1.3312358319590194E-4,60.96154358060942]
["rs10822089","G","A","G","A",-0.00727765,0.029,0.523143,0.5238,10,64695143,0.0093,403124,1.80302E-3,10,457873,1.1875E-3,{"v":8.9e-10,"d":"8.90E-10"},64695143,8.20227708253503e-05,37.55892878798239]
["rs10829603","G","T","G","T",0.00735716,-0.0104,0.451828,0.4519,10,131327351,0.0093,403124,0.2641,10,457873,1.19538E-3,{"v":7.49998e-10,"d":"7.50E-10"},131327351,8.2723227216009653E-5,37.87970029967632]
["rs111251222","G","A","G","A",-0.00773272,-0.003,0.258804,0.2602,5,176735612,0.0106,403124,0.778501,5,457873,0.00135975,{"v":1.29999E-8,"d":"1.30E-08"},176735612,7.0626994571955267E-5,32.34033673244259]
["rs1132845","T","C","T","C",-6.99287E-3,-6.3E-3,0.404377,0.4039,18,72912469,0.0095,403124,0.5048,18,457873,0.00121299,{"v":8.19993e-09,"d":"8.20E-09"},72912469,7.2580492546716086E-5,33.23491490935131]
["rs1144428","A","G","A","G",0.0122206,2E-3,0.790277,0.7899,2,201097903,0.0114,403124,0.8635,2,457873,0.00146033,{"v":5.79963e-17,"d":"5.80E-17"},201097903,1.5292257097359989E-4,70.02951958843266]
["rs11710570","C","T","C","T",-0.00767936,0.0059,0.448108,0.448,3,158056654,0.0093,403124,0.5295,3,457873,0.00119156,{"v":1.2E-10,"d":"1.20E-10"},158056654,9.0705535940911652E-5,41.53520191955168]
["rs12132579","T","C","T","C",0.00705328,0.0128,0.357498,0.3571,1,188321352,0.0097,403124,0.1864,1,457873,0.00123845,{"v":1.2E-8,"d":"1.20E-08"},188321352,7.0835260501800573E-5,32.43570915312735]
["rs1260326","C","T","C","T",-0.00918503,0.0245,0.604332,0.6061,2,27730940,0.0095,403124,0.00981206,2,457873,0.0012103,{"v":3.19963E-14,"d":"3.20E-14"},27730940,1.2576952843738063E-4,57.593463257866915]
["rs12622811","T","C","T","C",-0.0102643,0.0087,0.298571,0.2986,2,52787949,0.0102,403124,0.3952,2,457873,0.00130168,{"v":3.10027e-15,"d":"3.10E-15"},52787949,1.3578325052659423E-4,62.17965565762404]
["rs12664031","A","C","A","C",-0.0104514,-2E-3,0.289569,0.2899,6,57623371,0.0107,403124,0.8513,6,457873,0.00137573,{"v":2.99985e-14,"d":"3.00E-14"},57623371,1.2603255772309743E-4,57.71392707107736]
["rs12695358","T","G","T","G",-0.00706156,-0.0197,0.597342,0.5958,3,117773652,0.0095,403124,0.0369598,3,457873,0.00121026,{"v":5.39995e-09,"d":"5.40E-09"},117773652,7.43475433755939e-05,34.0441151292528]
["rs1326609","A","G","A","G",-0.00780654,0.007,0.371579,0.3727,6,51610248,0.0096,403124,0.4692,6,457873,0.00122834,{"v":2.1E-10,"d":"2.10E-10"},51610248,8.8205698998162127E-5,40.39039426894679]
["rs1447182","C","T","C","T",0.00939207,-0.0107,0.782248,0.7803,11,57916512,0.0113,403124,0.3417,11,457873,0.00145062,{"v":9.49948e-11,"d":"9.50E-11"},57916512,9.1544135162467146E-5,41.919242171745275]
["rs1568452","T","C","T","C",-0.0120516,{"v":-0.0004,"d":"-4.00E-04"},0.382005,0.3815,2,58012833,0.0096,403124,0.9628,2,457873,1.22159E-3,{"v":5.90065e-23,"d":"5.90E-23"},58012833,2.125206515195309E-4,97.32772738393368]
["rs1680349","A","G","A","G",-0.00673031,0.0142,0.563781,0.5656,18,22307958,0.0094,403124,0.129,18,457873,0.00119781,{"v":1.89998e-08,"d":"1.90E-08"},22307958,6.894762145633335E-5,31.57129314940176]
["rs17024335","C","T","C","T",-0.00828937,1.9E-3,0.223585,0.2241,2,101066927,0.0112,403124,0.8659,2,457873,0.00143076,{"v":6.90001e-09,"d":"6.90E-09"},101066927,7.33048312454783e-05,33.56661698239177]
["rs17409597","C","T","C","T",-0.0069862,0.0022,0.491526,0.4922,2,146045060,0.0093,403124,0.8128,2,457873,1.19428E-3,{"v":4.90004e-09,"d":"4.90E-09"},146045060,7.4729524590009109E-5,34.219039326092826]
["rs17461712","C","T","C","T",0.0120892,0.0263,0.167426,0.1672,11,16301315,0.0125,403124,0.0350098,11,457873,1.59479E-3,{"v":3.40017e-14,"d":"3.40E-14"},16301315,1.2548406592890213E-4,57.46272540735582]
["rs17513240","T","A","T","A",-0.0106455,0.0363,0.172466,0.173,18,53208982,0.0123,403124,0.00304299,18,457873,0.00156881,{"v":1.20005E-11,"d":"1.20E-11"},53208982,1.0055478074195061E-4,46.0457481332053]
["rs1997468","T","C","T","C",0.0108619,-0.0107,0.439876,0.4385,2,77171297,0.0094,403124,0.2532,2,457873,0.0011942,{"v":9.3994e-20,"d":"9.40E-20"},77171297,1.8064833797530849E-4,82.72857993756125]
["rs2032512","C","A","C","A",-0.00891807,0.0221,0.607796,0.6083,22,41071097,0.0095,403124,0.0198999,22,457873,1.21481E-3,{"v":2.09991e-13,"d":"2.10E-13"},41071097,1.17687107448832E-4,53.89185595134612]
["rs210600","A","G","A","G",0.00767525,-0.0048,0.27676,0.2768,7,69238281,0.0104,403124,0.643701,7,457873,1.32603E-3,{"v":7.10003e-09,"d":"7.10E-09"},69238281,7.3164692309978177E-5,33.50244202852467]
["rs2113336","A","C","A","C",-0.00721001,0.016,0.470426,0.4707,7,133478107,0.0093,403124,0.0856505,7,457873,1.19169E-3,{"v":1.40001E-9,"d":"1.40E-09"},133478107,7.994022945166738E-5,36.60523903047162]
["rs2255015","A","G","A","G",-6.97811E-3,-0.015,0.454555,0.4534,3,183534976,0.0093,403124,0.1088,3,457873,1.19165E-3,{"v":4.70002e-09,"d":"4.70E-09"},183534976,7.488599926134103E-5,34.290695260769446]
["rs2702576","G","A","G","A",0.00741552,-0.0211,0.621311,0.6225,4,15058245,0.0096,403124,0.0273899,4,457873,1.2235E-3,{"v":1.40001E-9,"d":"1.40E-09"},15058245,8.02223532627186e-05,36.73443603365863]
["rs2712661","A","G","A","G",-0.00823825,-0.0098,0.769898,0.7696,12,99600297,0.011,403124,0.3752,12,457873,1.40949E-3,{"v":5.1e-09,"d":"5.10E-09"},99600297,7.4605097039519752E-5,34.162059050312465]
["rs2786529","G","C","G","C",-0.0083068,0.0152,0.209494,0.2098,1,98017090,0.0114,403124,0.182,1,457873,0.00145596,{"v":1.2E-8,"d":"1.20E-08"},98017090,7.1087413455140749E-5,32.55117906524342]
["rs2825972","G","A","G","A",0.00875118,0.0067,0.292758,0.2929,21,21424129,0.0102,403124,0.5142,21,457873,0.00130395,{"v":1.9002E-11,"d":"1.90E-11"},21424129,9.8361150914952981E-5,45.04114882981787]
["rs2952894","C","T","C","T",0.00719966,-0.013,0.664339,0.6664,4,130738623,0.0099,403124,0.1855,4,457873,1.25775E-3,{"v":1E-8,"d":"1.00E-08"},130738623,7.1558167451988631E-5,32.766754418309006]
["rs2952894","C","T","T","A",0.00719966,-0.0324,0.664339,0.0098,4,130738623,0.0486,403124,0.5051,4,457873,1.25775E-3,{"v":1E-8,"d":"1.00E-08"},130738623,7.1558167451988631E-5,32.766754418309006]
["rs3117103","T","A","T","A",-0.0152595,0.0418,0.139554,0.1409,6,32349557,0.0133,403124,1.702E-3,6,457873,1.70721E-3,{"v":4.00037e-19,"d":"4.00E-19"},32349557,1.7445599921186297E-4,79.89228050275933]
["rs3132487","T","G","T","C",-0.00964644,{"v":-1E-4,"d":"-1.00E-04"},0.345911,0.2486,6,31243008,0.012,403124,0.9946,6,457873,1.28001E-3,{"v":4.79954e-14,"d":"4.80E-14"},31243008,1.2402479227839803E-4,56.79439957891273]
["rs3132487","T","G","T","G",-0.00964644,-0.0025,0.345911,0.3503,6,31243008,0.01,403124,0.8037,6,457873,1.28001E-3,{"v":4.79954e-14,"d":"4.80E-14"},31243008,1.2402479227839803E-4,56.79439957891273]
["rs34292254","T","G","T","G",0.0074428,0.0161,0.552492,0.5546,2,157050759,0.0094,403124,0.0851805,2,457873,0.0011946,{"v":4.70002e-10,"d":"4.70E-10"},157050759,8.47707109353292e-05,38.817340760242985]
["rs34759521","A","T","A","T",-8.25854E-3,-0.0057,0.227087,0.2278,14,68351707,0.0111,403124,0.604301,14,457873,1.41691E-3,{"v":5.60003e-09,"d":"5.60E-09"},68351707,7.4189896692128553E-5,33.97192256174689]
["rs34935263","G","A","G","A",-0.00681729,-0.0074,0.533192,0.5338,16,74217860,0.0093,403124,0.4271,16,457873,0.00118993,{"v":1E-8,"d":"1.00E-08"},74217860,7.1681080528139746E-5,32.823040813531605]
["rs35968894","G","A","G","A",-7.21604E-3,-0.022,0.377461,0.3769,7,91762145,0.0096,403124,0.02151,7,457873,0.00122465,{"v":3.79997e-09,"d":"3.80E-09"},91762145,7.582212033629405E-5,34.719382557701586]
["rs4452038","T","C","T","C",-0.0111751,-8.6E-3,0.389867,0.3895,18,44856529,0.0096,403124,0.3674,18,457873,1.22327E-3,{"v":6.4998e-20,"d":"6.50E-20"},44856529,1.8223592694381391E-4,83.45575474251531]
["rs4492837","C","G","C","G",-0.00679179,0.0161,0.586887,0.5871,11,127079218,0.0094,403124,0.0875709,11,457873,0.00120606,{"v":1.79999E-8,"d":"1.80E-08"},127079218,6.9255705445418146E-5,31.71237537092672]
["rs55880962","A","G","A","G",0.00848655,-0.0013,0.192325,0.1937,18,40659360,0.0117,403124,0.912,18,457873,1.50523E-3,{"v":1.7E-8,"d":"1.70E-08"},40659360,6.9419492354007113E-5,31.787379047338323]
["rs58391518","C","T","C","T",-0.0073709,-0.034,0.291369,0.2906,7,107030787,0.0102,403124,0.000903608,7,457873,0.00130713,{"v":1.7E-8,"d":"1.70E-08"},107030787,6.9442968817777688E-5,31.798129732096136]
["rs58726064","G","C","G","C",0.00677132,-0.0079,0.442086,0.4419,17,42847033,0.0094,403124,0.4007,17,457873,0.00119583,{"v":1.5e-08,"d":"1.50E-08"},42847033,7.0021650242255384E-5,32.06312813121539]
["rs6045331","G","C","G","C",-0.00759061,0.0067,0.37918,0.3798,20,1885099,0.0096,403124,0.4845,20,457873,0.00122681,{"v":6.1e-10,"d":"6.10E-10"},1885099,8.3602140631724273E-5,38.282196206739194]
["rs61909866","T","C","T","C",-0.00734016,0.0093,0.316065,0.3167,11,122061369,0.01,403124,0.3493,11,457873,1.27652E-3,{"v":8.9e-09,"d":"8.90E-09"},122061369,7.2207018256467649E-5,33.06388710080662]
["rs62134736","A","G","A","G",0.00757696,0.0016,0.2591,0.2583,2,46766446,0.0106,403124,0.8789,2,457873,1.35104E-3,{"v":2E-8,"d":"2.00E-08"},46766446,6.8687657901949785E-5,31.45224699240531]
["rs62403110","A","G","A","G",-0.00743216,{"v":0.0002,"d":"2.00E-04"},0.302512,0.3021,6,18951131,0.0101,403124,0.9869,6,457873,1.29009E-3,{"v":8.40001e-09,"d":"8.40E-09"},18951131,7.2479229915127134E-5,33.18854296050496]
["rs62572325","A","C","A","C",0.0112111,-0.003,0.13467,0.1356,9,22535878,0.0136,403124,0.8268,9,457873,0.00173948,{"v":1.2E-10,"d":"1.20E-10"},22535878,9.07137541393792e-05,41.53896547705318]
["rs62580693","C","G","C","G",0.00804118,0.0118,0.252484,0.2525,9,83351536,0.0107,403124,0.2686,9,457873,1.3674E-3,{"v":4.09996E-9,"d":"4.10E-09"},83351536,7.5521495605267028E-5,34.58171437706957]
["rs6469","T","C","T","C",0.0109331,-0.0227,0.127478,0.1257,6,32008451,0.0151,403124,0.133,6,457873,1.93107E-3,{"v":1.5e-08,"d":"1.50E-08"},32008451,7.0002760982181754E-5,32.054478075639686]
["rs6736362","T","C","T","C",-0.00664831,-0.0016,0.560656,0.5619,2,219115108,0.0094,403124,0.8647,2,457873,1.19534E-3,{"v":2.69998e-08,"d":"2.70E-08"},219115108,6.7556204724007131E-5,30.934116804713685]
["rs6876382","G","C","G","C",-0.0151419,0.0037,0.05895,0.0591,5,167637012,0.0198,403124,0.8516,5,457873,0.00252443,{"v":2e-09,"d":"2.00E-09"},167637012,7.8569669035461661E-5,35.977599679035336]
["rs6892119","G","A","G","A",-0.0080653,0.0037,0.574513,0.5739,5,107142920,0.0095,403124,0.6996,5,457873,1.22024E-3,{"v":3.90032E-11,"d":"3.90E-11"},107142920,9.5403447372972253E-5,43.68663970814247]
["rs74384251","T","C","T","C",0.00952526,-0.032,0.136886,0.1387,2,63526179,0.0135,403124,0.0172199,2,457873,0.00172669,{"v":3.50002E-8,"d":"3.50E-08"},63526179,6.6458576082597254E-5,30.431477122152515]
["rs79564740","C","T","C","T",-0.019251,0.0334,0.030417,0.0303,1,210027359,0.027,403124,0.2172,1,457873,0.00345293,{"v":2.5e-08,"d":"2.50E-08"},210027359,6.7882296001989126E-5,31.08344476832529]
["rs826848","T","C","T","C",-0.014781,-0.0191,0.933713,0.9344,12,39156767,0.0188,403124,0.3097,12,457873,0.00238831,{"v":6.1e-10,"d":"6.10E-10"},39156767,8.3645942051454317E-5,38.302254961240365]
["rs888405","G","A","G","A",0.00919625,0.0055,0.794793,0.7948,3,64201702,0.0115,403124,0.6295,3,457873,0.00146844,{"v":3.79997e-10,"d":"3.80E-10"},64201702,8.5649906339568967E-5,39.2199674521437]
["rs9570736","G","A","G","A",-0.00655673,0.024,0.518982,0.518,13,63369166,0.0093,403124,0.00966407,13,457873,1.18731E-3,{"v":3.29997e-08,"d":"3.30E-08"},63369166,6.659971790273226E-5,30.496110468196232]

{"sheet":"lamb","index":10,"n_rows":32,"n_cols":21,"rows_kept":32}
["SNP","effect_allele.exposure","other_allele.exposure","effect_allele.outcome","other_allele.outcome","beta.exposure","beta.outcome","eaf.exposure","eaf.outcome","chr","pos","se.outcome","samplesize.outcome","pval.outcome","pval.exposure","chr.exposure","pos.exposure","se.exposure","samplesize.exposure","R2","F"]
["rs11090045","A","G","A","G",-0.0106761,-0.0067,0.307145,0.3063,22,41753603,0.0102,403124,0.5077,{"v":2.99985E-11,"d":"3.00E-11"},22,41753603,0.00160657,460006,{"$f":"2*F2^2*H2*(1-H2)/(2*F2^2*H2*(1-H2)+R2^2*2*S2*H2*(1-H2))","v":9.5988846846678763E-5},{"$f":"(S2-2)*T2/(1-T2)","v":44.15949232360509}]
["rs11743441","T","G","T","G",-0.00884199,-5.3E-3,0.574343,0.5765,5,88065637,0.0094,403124,0.5707,{"v":2.69998E-9,"d":"2.70E-09"},5,88065637,0.00148593,460006,{"$f":"2*F3^2*H3*(1-H3)/(2*F3^2*H3*(1-H3)+R3^2*2*S3*H3*(1-H3))","v":7.6967328527220778E-5},{"$f":"(S3-2)*T3/(1-T3)","v":35.40800425133137}]
["rs12634740","G","T","G","T",-0.010087,-0.0078,0.252078,0.2533,3,175671450,0.0107,403124,0.4679,{"v":2.80001e-09,"d":"2.80E-09"},3,175671450,1.69718E-3,460006,{"$f":"2*F4^2*H4*(1-H4)/(2*F4^2*H4*(1-H4)+R4^2*2*S4*H4*(1-H4))","v":7.6784115617477278E-5},{"$f":"(S4-2)*T4/(1-T4)","v":35.32371262053591}]
["rs136548","T","C","T","C",0.00953241,0.0075,0.376668,0.3772,22,27253353,0.0096,403124,0.4332,{"v":2.90001e-10,"d":"2.90E-10"},22,27253353,1.51227E-3,460006,8.6366584881258476E-5,39.73240606393929]
["rs139237013","A","G","A","G",0.0188989,-0.0234,0.057668,0.0579,2,56662691,0.0199,403124,0.239,{"v":1.79999e-09,"d":"1.80E-09"},2,56662691,3.14007E-3,460006,7.8740233901676031E-5,36.223674816334395]
["rs1556147","T","A","T","A",0.00910131,0.0192,0.671626,0.6722,9,131936055,0.0099,403124,0.0516999,{"v":5.30005e-09,"d":"5.30E-09"},9,131936055,1.55908E-3,460006,7.4075628549557019E-5,34.07760975567255]
["rs16891982","G","C","G","C",-0.0242681,0.0112,0.972143,0.9755,5,33951693,0.0301,403124,0.709999,{"v":2.69998e-08,"d":"2.70E-08"},5,33951693,0.00436437,460006,6.7210285715146463E-5,30.9190783502002]
["rs17270057","C","T","C","T",0.0126533,-0.0161,0.113347,0.1131,19,42670527,0.0146,403124,0.2704,{"v":4.30002e-08,"d":"4.30E-08"},19,42670527,2.30897E-3,460006,6.527985505242117E-5,30.03095485991429]
["rs1958801","G","A","G","A",-0.00894391,{"v":-0.0008,"d":"-8.00E-04"},0.287998,0.2895,14,98872110,0.0102,403124,0.9343,{"v":3.2e-08,"d":"3.20E-08"},14,98872110,0.00161749,460006,6.6462897425842747E-5,30.57523078590486]
["rs2140714","G","C","G","C",-0.00852476,-0.0125,0.557738,0.5575,3,83786985,0.0094,403124,0.181,{"v":7.69999e-09,"d":"7.70E-09"},3,83786985,0.00147636,460006,7.2474430134715414E-5,33.34094412561528]
["rs2222760","A","G","A","G",-0.00909294,-0.0046,0.28089,0.2813,2,151345113,0.0104,403124,0.655901,{"v":2.80001e-08,"d":"2.80E-08"},2,151345113,0.00163727,460006,6.7046394343849616E-5,30.843677541115635]
["rs2678900","G","T","G","T",0.0100844,0.0034,0.427924,0.4277,2,58177683,0.0094,403124,0.718199,{"v":9.8992e-12,"d":"9.90E-12"},2,58177683,0.00148119,460006,1.0075609528529449E-4,46.35287719052756]
["rs2726033","G","A","G","A",-0.00948966,0.0107,0.422384,0.4229,16,28338039,0.0094,403124,0.2545,{"v":1.5E-10,"d":"1.50E-10"},16,28338039,1.4804E-3,460006,8.9318385402554245E-5,41.090484694464884]
["rs276453","C","A","C","A",-0.014237,-0.011,0.488356,0.4876,9,15573753,0.0093,403124,0.2387,{"v":2.90001e-22,"d":"2.90E-22"},9,15573753,0.00146723,460006,2.0463890085161513E-4,94.15398051442965]
["rs2926119","A","C","A","C",0.00811121,0.0067,0.569417,0.5691,16,64293179,0.0094,403124,0.4734,{"v":4.39997e-08,"d":"4.40E-08"},16,64293179,1.48179E-3,460006,6.5133765654562146E-5,29.96374438766628]
["rs3105056","C","T","C","T",-0.0116241,0.0057,0.732738,0.7331,13,55946152,0.0105,403124,0.5837,{"v":1.80011e-12,"d":"1.80E-12"},13,55946152,1.64854E-3,460006,1.0807102307482771E-4,49.71847602508279]
["rs35797675","G","T","G","T",-0.0108498,-0.0174,0.215928,0.2171,7,72878044,0.0113,403124,0.1247,{"v":1.40001E-9,"d":"1.40E-09"},7,72878044,0.0017934,460006,7.955932404782933E-5,36.60051921186598]
["rs3964074","C","T","C","T",-8.14112E-3,-0.0236,0.547043,0.548,16,74166991,0.0093,403124,0.0115199,{"v":3.2e-08,"d":"3.20E-08"},16,74166991,1.47218E-3,460006,6.6474352995956563E-5,30.580501094576558]
["rs4272399","A","C","A","C",-0.00924231,-0.0249,0.321491,0.3217,8,4836291,0.01,403124,0.01278,{"v":4.49997e-09,"d":"4.50E-09"},8,4836291,0.00157567,460006,7.4788453371867273E-5,34.40556084355531]
["rs429358","C","T","C","T",-0.0181966,-0.0206,0.154171,0.155,19,45411941,0.0128,403124,0.1077,{"v":2.70023E-19,"d":"2.70E-19"},19,45411941,0.00202671,460006,1.7520951227057335E-4,80.61120033160647]
["rs4489752","T","G","T","G",0.013811,-0.0071,0.836007,0.8359,11,126590934,0.0125,403124,0.5713,{"v":2.80027e-12,"d":"2.80E-12"},11,126590934,0.00197586,460006,1.0620092285019984E-4,48.85803808351645]
["rs55813438","A","G","A","G",-0.0114181,-0.0258,0.763165,0.7643,16,5694999,0.011,403124,0.01894,{"v":4.70002e-11,"d":"4.70E-11"},16,5694999,0.0017352,460006,9.4120501422291383E-5,43.299882542916194]
["rs62106258","C","T","C","T",0.0216304,-0.0765,0.048562,0.0481,2,417167,0.0217,403124,0.000433701,{"v":2e-10,"d":"2.00E-10"},2,417167,0.00340154,460006,8.7897447847913948E-5,40.43673188536384]
["rs62398404","T","C","T","C",0.0129151,-0.0174,0.127211,0.1282,6,37669616,0.0139,403124,0.2109,{"v":4e-09,"d":"4.00E-09"},6,37669616,0.00219431,460006,7.53014573168042e-05,34.64158013302698]
["rs6581296","G","C","G","C",0.0100199,0.0107,0.794714,0.7948,12,60473007,0.0116,403124,0.3523,{"v":4e-08,"d":"4.00E-08"},12,60473007,0.00182433,460006,6.557344479000198E-5,30.166024987354113]
["rs660880","A","G","A","G",-0.00903233,{"v":0.0006,"d":"6.00E-04"},0.51281,0.5146,1,6866978,0.0093,403124,0.9474,{"v":6.80002e-10,"d":"6.80E-10"},1,6866978,1.464E-3,460006,8.27404745957443e-05,38.0640987175337]
["rs673696","T","C","T","C",0.0158208,0.0034,0.080995,0.0803,11,31097262,0.0171,403124,0.8404,{"v":3.69999e-09,"d":"3.70E-09"},11,31097262,0.00268204,460006,7.5636257813902218E-5,34.79561294937811]
["rs6829572","A","G","A","G",0.008401,0.0024,0.456717,0.4537,4,93984155,0.0094,403124,0.7993,{"v":1.2E-8,"d":"1.20E-08"},4,93984155,0.00147406,460006,7.060532976311641E-5,32.481027446006465]
["rs7447465","C","T","C","T",0.00958232,-0.0021,0.619449,0.6223,5,164566362,0.0096,403124,0.8289,{"v":2e-10,"d":"2.00E-10"},5,164566362,0.0015062,460006,8.7978053076904136E-5,40.47381713522036]
["rs7550173","T","A","T","A",-0.00912387,0.0143,0.610281,0.6086,1,72944617,0.0095,403124,0.1315,{"v":1.29999E-9,"d":"1.30E-09"},1,72944617,1.5023E-3,460006,8.0176394985982248E-5,36.88441965893118]
["rs994270","G","C","G","C",0.0098203,-0.013,0.234851,0.2343,6,51187787,0.011,403124,0.2365,{"v":1.40001E-8,"d":"1.40E-08"},6,51187787,1.72948E-3,460006,7.0084904729392534E-5,32.241596164334986]

{"sheet":"non-oily fish","index":11,"n_rows":9,"n_cols":21,"rows_kept":9}
["SNP","effect_allele.exposure","other_allele.exposure","effect_allele.outcome","other_allele.outcome","beta.exposure","beta.outcome","eaf.exposure","eaf.outcome","chr","pos","se.outcome","samplesize.outcome","pval.outcome","se.exposure","chr.exposure","pval.exposure","pos.exposure","samplesize.exposure","R2","F"]
["rs11680516","C","T","C","T",0.0122842,-1.9E-3,0.202388,0.2034,2,208205711,0.0116,403124,0.8673,0.00202829,2,{"v":1.40001E-9,"d":"1.40E-09"},208205711,460880,{"$f":"2*F2^2*H2*(1-H2)/(2*F2^2*H2*(1-H2)+O2^2*2*S2*H2*(1-H2))","v":7.9581337318421333E-5},{"$f":"(S2-2)*T2/(1-T2)","v":36.68020664053696}]
["rs16822430","C","T","C","T",0.0116344,-0.0031,0.23321,0.2324,2,144147475,0.011,403124,0.7758,0.00191996,2,{"v":1.40001E-9,"d":"1.40E-09"},144147475,460880,{"$f":"2*F3^2*H3*(1-H3)/(2*F3^2*H3*(1-H3)+O3^2*2*S3*H3*(1-H3))","v":7.9667494281021923E-5},{"$f":"(S3-2)*T3/(1-T3)","v":36.71992081333021}]
["rs17317920","G","A","G","A",0.00906029,-7.6E-3,0.479238,0.4793,7,25517103,0.0093,403124,0.4134,1.6312E-3,7,{"v":2.80001e-08,"d":"2.80E-08"},25517103,460880,{"$f":"2*F4^2*H4*(1-H4)/(2*F4^2*H4*(1-H4)+O4^2*2*S4*H4*(1-H4))","v":6.6934933957611356E-5},{"$f":"(S4-2)*T4/(1-T4)","v":30.850903495704024}]
["rs35287743","T","G","T","G",-0.0177401,0.0037,0.11583,0.1166,12,110057250,0.0145,403124,0.7969,2.55244E-3,12,{"v":3.59998e-12,"d":"3.60E-12"},110057250,460880,1.0480153989002607E-4,48.30578662225905]
["rs3799077","G","T","G","T",-0.0107346,-0.0081,0.309993,0.3093,6,69996217,0.0101,403124,0.4187,1.75764E-3,6,{"v":1e-09,"d":"1.00E-09"},69996217,460880,8.0926147745927679E-5,37.30009967422483]
["rs6957745","C","T","C","T",-0.0121791,-0.01,0.202978,0.2046,7,73056750,0.0116,403124,0.3874,2.02331E-3,7,{"v":1.79999e-09,"d":"1.80E-09"},73056750,460880,7.861103837049867E-5,36.23294645166247]
["rs7148387","G","A","G","A",-0.00930647,0.0149,0.590715,0.5902,14,29775132,0.0094,403124,0.1139,1.65022E-3,14,{"v":1.7E-8,"d":"1.70E-08"},29775132,460880,6.9003074238282e-05,31.80419343591168]
["rs838133","G","A","G","A",0.016184,2E-3,0.549409,0.5491,19,49259529,0.0096,403124,0.8324,1.67625E-3,19,{"v":4.70002e-22,"d":"4.70E-22"},49259529,460880,2.022173732957702E-4,93.21638854304726]

{"sheet":"oily fish","index":12,"n_rows":45,"n_cols":21,"rows_kept":45}
["SNP","effect_allele.exposure","other_allele.exposure","effect_allele.outcome","other_allele.outcome","beta.exposure","beta.outcome","eaf.exposure","eaf.outcome","chr","pos","se.outcome","samplesize.outcome","pval.outcome","chr.exposure","pos.exposure","se.exposure","pval.exposure","samplesize.exposure","R2","F"]
["rs10061973","T","G","T","G",-0.0108521,6.6E-3,0.5139,0.512,5,166811498,0.0093,403124,0.4775,5,166811498,0.00191598,{"v":1.5e-08,"d":"1.50E-08"},460443,{"$f":"2*F2^2*H2*(1-H2)/(2*F2^2*H2*(1-H2)+Q2^2*2*S2*H2*(1-H2))","v":6.9668987432110779E-5},{"$f":"(S2-2)*T2/(1-T2)","v":32.080693271644876}]
["rs10076975","C","T","C","T",0.0112394,0.012,0.381413,0.383,5,164518993,0.0095,403124,0.2098,5,164518993,0.0019672,{"v":1.09999E-8,"d":"1.10E-08"},460443,{"$f":"2*F3^2*H3*(1-H3)/(2*F3^2*H3*(1-H3)+Q3^2*2*S3*H3*(1-H3))","v":7.0889605720849135E-5},{"$f":"(S3-2)*T3/(1-T3)","v":32.64279498257944}]
["rs114497213","T","G","T","G",0.0273225,-0.0104,0.05481,0.0536,3,115214586,0.0208,403124,0.6179,3,115214586,0.00423605,{"v":1.09999E-10,"d":"1.10E-10"},460443,9.0344891580163743E-5,{"$f":"(S4-2)*T4/(1-T4)","v":41.602250774897925}]
["rs11767283","G","A","G","A",0.0176735,0.0078,0.221709,0.2209,7,121947456,0.0113,403124,0.4871,7,121947456,0.00231943,{"v":2.49977e-14,"d":"2.50E-14"},460443,1.2608167021197506E-4,58.06049067770998]
["rs11859365","C","A","C","A",0.0225669,-4.3E-3,0.253765,0.2538,16,83683945,0.0106,403124,0.6887,16,83683945,0.00219679,{"v":9.3994e-25,"d":"9.40E-25"},460443,2.2913494333836647E-4,105.5273024381256]
["rs1201289","G","T","G","T",-0.0107265,-0.0049,0.394525,0.3943,3,176822676,0.0095,403124,0.6045,3,176822676,0.0019595,{"v":4.39997e-08,"d":"4.40E-08"},460443,6.5076082427685932E-5,29.96564651596881]
["rs12663865","A","G","A","G",0.012772,-0.0057,0.758185,0.7581,6,88103149,0.0108,403124,0.6008,6,88103149,0.00223239,{"v":1.09999E-8,"d":"1.10E-08"},460443,7.10838489878587e-05,32.73224524579674]
["rs12855717","T","C","T","C",-0.0122298,0.011,0.526774,0.5254,13,101252635,0.0093,403124,0.2385,13,101252635,1.92275E-3,{"v":2e-10,"d":"2.00E-10"},460443,8.7857539626186464E-5,40.456767835104145]
["rs12896749","C","G","C","G",-0.0109641,-0.0166,0.384721,0.3841,14,100279492,0.0095,403124,0.0814198,14,100279492,0.00196607,{"v":2.5e-08,"d":"2.50E-08"},460443,6.7537163420193123E-5,31.09897939921103]
["rs1876245","C","T","C","T",0.0151162,-0.0143,0.431482,0.432,3,71534763,0.0094,403124,0.1264,3,71534763,1.93122E-3,{"v":5.00035e-15,"d":"5.00E-15"},460443,1.3304179626749986E-4,61.26604866036789]
["rs2374424","G","A","G","A",-0.0114437,0.0097,0.601525,0.6015,11,83187113,0.0095,403124,0.3075,11,83187113,0.00195609,{"v":4.90004e-09,"d":"4.90E-09"},460443,7.4327086000304651E-5,34.22578170768669]
["rs275160","C","T","C","T",0.0121188,-0.0084,0.700597,0.701,2,145967878,0.0102,403124,0.4103,2,145967878,0.00210096,{"v":8e-09,"d":"8.00E-09"},460443,7.2256415279267809E-5,33.2722202389642]
["rs28533540","A","G","A","G",0.0146421,0.0362,0.534203,0.535,15,47867762,0.0093,403124,1.03801E-4,15,47867762,0.00192478,{"v":2.80027E-14,"d":"2.80E-14"},460443,1.2566492853204668E-4,57.86855740635483]
["rs28623270","T","A","T","A",-0.0178328,0.047,0.14872,0.1491,17,29389026,0.0132,403124,0.000385203,17,29389026,0.00273746,{"v":7.29962e-11,"d":"7.30E-11"},460443,9.2156848326464485E-5,42.436702233016796]
["rs2952140","T","C","T","C",-0.0106774,0.0108,0.482607,0.4819,17,37928059,0.0093,403124,0.2445,17,37928059,1.91504E-3,{"v":2.5e-08,"d":"2.50E-08"},460443,6.7510314456877308E-5,31.086615366017806]
["rs303817","G","A","G","A",0.0135799,-0.0141,0.751146,0.753,12,52176235,0.0107,403124,0.1908,12,52176235,0.00220965,{"v":8e-10,"d":"8.00E-10"},460443,8.202281465313489E-5,37.76976478412046]
["rs34555420","T","G","T","G",-0.0237676,0.0658,0.097821,0.0993,6,26090270,0.0155,403124,{"v":2.20999e-05,"d":"2.21E-05"},6,26090270,3.21908E-3,{"v":1.50003e-13,"d":"1.50E-13"},460443,1.1838040737182021E-4,54.51364649836807]
["rs34555420","T","G","G","C",-0.0237676,-0.0024,0.097821,0.0641,6,26090270,0.019,403124,0.9009,6,26090270,3.21908E-3,{"v":1.50003e-13,"d":"1.50E-13"},460443,1.1838040737182021E-4,54.51364649836807]
["rs35287743","T","G","T","G",-0.0282201,0.0037,0.115869,0.1166,12,110057250,0.0145,403124,0.7969,12,110057250,0.00301071,{"v":7.00003e-21,"d":"7.00E-21"},460443,1.9077458235824144E-4,87.85720039632382]
["rs4002471","T","C","T","C",-0.0192439,-0.0108,0.547362,0.5484,19,49215095,0.0094,403124,0.2485,19,49215095,0.0019244,{"v":1.50003e-23,"d":"1.50E-23"},460443,2.171327344968669E-4,99.99852635794565]
["rs4278546","G","A","G","A",0.0125555,0.0105,0.441085,0.4392,11,79217391,0.0094,403124,0.2657,11,79217391,0.00193806,{"v":9.30037e-11,"d":"9.30E-11"},460443,9.1141910792115339E-5,41.969297709020175]
["rs4510068","T","G","T","G",-0.0130135,{"v":0.0005,"d":"5.00E-04"},0.402798,0.416,17,44189067,0.0094,403124,0.9596,17,44184828,0.00197082,{"v":4.00037e-11,"d":"4.00E-11"},460443,9.4684156250627959E-5,43.60059587382772]
["rs45501495","T","C","T","C",0.0156803,-0.005,0.236013,0.2353,1,204596454,0.011,403124,0.6489,1,204596454,2.25713E-3,{"v":3.69999e-12,"d":"3.70E-12"},460443,1.0480311619270164E-4,48.26070949562854]
["rs4982738","A","G","A","G",0.0108608,-0.0083,0.582899,0.5835,14,23650191,0.0095,403124,0.3826,14,23650191,0.00196936,{"v":3.50002E-8,"d":"3.50E-08"},460443,6.6049395407382689E-5,30.413858487735812]
["rs552234","A","G","A","G",-0.0116474,-0.0114,0.495449,0.495,9,106772283,0.0093,403124,0.218,9,106772283,1.91252E-3,{"v":1.09999E-9,"d":"1.10E-09"},460443,8.0544363480272634E-5,37.088914568236284]
["rs55930451","T","C","T","C",-0.0170539,{"v":0.0005,"d":"5.00E-04"},0.108001,0.1091,2,49039237,0.0149,403124,0.9756,2,49039237,3.07567E-3,{"v":2.90001E-8,"d":"2.90E-08"},460443,6.6767186899482415E-5,30.744403020487166]
["rs55985303","A","G","A","G",0.0129737,{"v":0.0009,"d":"9.00E-04"},0.241079,0.2398,2,77224951,0.0109,403124,0.9314,2,77224951,0.00223629,{"v":6.59994e-09,"d":"6.60E-09"},460443,7.3090989240947872E-5,33.65654816749128]
["rs59355765","T","C","T","C",-0.0162522,-4.3E-3,0.160079,0.1606,18,53431951,0.0126,403124,0.736,18,53431951,0.00260966,{"v":4.70002e-10,"d":"4.70E-10"},460443,8.42255786434562e-05,38.78417627586066]
["rs6033437","A","C","A","C",0.0124683,-0.0093,0.257329,0.2559,20,12495731,0.0107,403124,0.3859,20,12495731,0.00220977,{"v":1.7E-8,"d":"1.70E-08"},460443,6.9137622035547663E-5,31.8359968927899]
["rs6089753","T","C","T","C",-0.011542,-0.0057,0.530967,0.5875,20,61157939,0.0095,403124,0.547299,20,61154107,1.9184E-3,{"v":1.79999e-09,"d":"1.80E-09"},460443,7.8609275319294455E-5,36.19777881845235]
["rs631490","C","G","C","G",-0.0151398,0.0097,0.709106,0.7109,11,111452040,0.0102,403124,0.3435,11,111452040,2.10253E-3,{"v":6.00067e-13,"d":"6.00E-13"},460443,1.1259810856996833E-4,51.85062399025427]
["rs6465487","G","A","G","A",-0.0123535,0.0324,0.399814,0.4004,7,95760694,0.0095,403124,0.000645,7,95760694,0.00195628,{"v":2.69998e-10,"d":"2.70E-10"},460443,8.6597334402926422E-5,39.876416441187196]
["rs703987","C","G","C","G",0.0111218,-0.0049,0.615005,0.6133,10,80939219,0.0096,403124,0.607,10,80939219,0.00197362,{"v":1.7E-8,"d":"1.70E-08"},460443,6.8963177067080233E-5,31.755664183435456]
["rs7243428","G","A","G","A",-0.0129784,0.0141,0.224648,0.2248,18,35156177,0.0111,403124,0.2035,18,35156177,0.00229212,{"v":1.5e-08,"d":"1.50E-08"},460443,6.9624404819896364E-5,32.06016274942776]
["rs7254235","G","A","G","A",-0.0106304,-0.0037,0.577254,0.579,19,22212505,0.0094,403124,0.6915,19,22212505,1.94012E-3,{"v":4.30002e-08,"d":"4.30E-08"},460443,6.5198534854155019E-5,30.022035979541197]
["rs75887709","G","A","G","A",-0.0159106,0.0192,0.13588,0.137,19,37438329,0.0136,403124,0.1579,19,37438329,0.0028148,{"v":1.6e-08,"d":"1.60E-08"},460443,6.9386026941023254E-5,31.95038854127179]
["rs7683782","G","C","G","C",0.0144775,-0.0176,0.833405,0.8338,4,14935830,0.0125,403124,0.1591,4,14935830,2.57399E-3,{"v":1.89998e-08,"d":"1.90E-08"},460443,6.8701737996908056E-5,31.635270343088916]
["rs905575","G","C","G","C",0.0138824,0.0197,0.82397,0.8247,3,147076253,0.0122,403124,0.1073,3,147076253,0.00251917,{"v":3.59998e-08,"d":"3.60E-08"},460443,6.5949216261506466E-5,30.36772581238127]
["rs9301837","A","C","A","C",-0.0157428,0.0402,0.143273,0.1421,13,93477312,0.0133,403124,0.00245799,13,93477312,0.00273045,{"v":8.10009e-09,"d":"8.10E-09"},460443,7.2191866644995189E-5,33.24249510766199]
["rs9597870","G","T","G","T",-0.0127449,0.0074,0.245844,0.2465,13,59412819,0.0108,403124,0.4913,13,59412819,0.00223046,{"v":1.09999E-8,"d":"1.10E-08"},460443,7.0905074284457423E-5,32.6499183534961]
["rs9606833","C","T","C","T",0.0169856,-0.008,0.243593,0.245,22,31750013,0.0108,403124,0.462,22,31750013,0.00223087,{"v":2.70023e-14,"d":"2.70E-14"},460443,1.2588752866917835E-4,57.9710774236363]
["rs973526","T","C","T","C",-0.011507,-0.0057,0.513307,0.5145,1,72556393,0.0094,403124,0.54,1,72556393,0.00192962,{"v":2.5e-09,"d":"2.50E-09"},460443,7.72273667739863e-05,35.56139229746698]
["rs9841174","C","T","C","T",0.0147781,-0.0093,0.373913,0.3745,3,167184878,0.0096,403124,0.3329,3,167184878,0.00198025,{"v":8.49963e-14,"d":"8.50E-14"},460443,1.2093966369302341E-4,55.692315100337915]
["rs9889161","T","G","T","G",-0.0133201,-0.0135,0.357929,0.3576,16,51495068,0.0097,403124,0.1653,16,51495068,0.0020015,{"v":2.80027e-11,"d":"2.80E-11"},460443,9.6180301520453452E-5,44.28961400080794]

{"sheet":"pork","index":13,"n_rows":12,"n_cols":21,"rows_kept":12}
["SNP","effect_allele.exposure","other_allele.exposure","effect_allele.outcome","other_allele.outcome","beta.exposure","beta.outcome","eaf.exposure","eaf.outcome","chr","pos","se.outcome","samplesize.outcome","pval.outcome","chr.exposure","pos.exposure","pval.exposure","samplesize.exposure","se.exposure","R2","F"]
["rs10972033","T","G","T","G",0.00897557,-0.0139,0.45643,0.4566,9,34269732,0.0093,403124,0.1348,9,34269732,{"v":1.29999E-9,"d":"1.30E-09"},460162,0.00147851,{"$f":"2*F2^2*H2*(1-H2)/(2*F2^2*H2*(1-H2)+S2^2*2*R2*H2*(1-H2))","v":8.0081096678261962E-5},{"$f":"(R2-2)*T2/(1-T2)","v":36.853068681625004}]
["rs11211124","C","T","C","T",-0.00995273,-0.0324,0.230603,0.2305,1,45962409,0.011,403124,0.00334303,1,45962409,{"v":1.40001E-8,"d":"1.40E-08"},460162,0.00175408,{"$f":"2*F3^2*H3*(1-H3)/(2*F3^2*H3*(1-H3)+S3^2*2*R3*H3*(1-H3))","v":6.9959148644001661E-5},{"$f":"(R3-2)*T3/(1-T3)","v":32.19465415061907}]
["rs2387807","T","C","T","C",-0.0150846,0.0203,0.077893,0.0765,12,38446861,0.0174,403124,0.245,12,38446861,{"v":4.09996e-08,"d":"4.10E-08"},460162,2.74837E-3,{"$f":"2*F4^2*H4*(1-H4)/(2*F4^2*H4*(1-H4)+S4^2*2*R4*H4*(1-H4))","v":6.5460303762799555E-5},{"$f":"(R4-2)*T4/(1-T4)","v":30.124185317811353}]
["rs254152","G","C","G","C",-0.0104266,0.0115,0.23498,0.2339,5,115641827,0.011,403124,0.293,5,115641827,{"v":2.19999E-9,"d":"2.20E-09"},460162,0.00174217,7.78322899676859e-05,35.81809435583634]
["rs34161520","G","C","G","C",0.0115919,-0.0056,0.160381,0.1603,10,125127645,0.0127,403124,0.659601,10,125127645,{"v":9.59997e-09,"d":"9.60E-09"},460162,2.0206E-3,7.1516580727877324E-5,32.911423500215655]
["rs36124222","C","T","C","T",0.00840935,0.0221,0.433239,0.4352,18,74196202,0.0094,403124,0.0193299,18,74196202,{"v":2.1e-08,"d":"2.10E-08"},460162,0.00150083,6.8221532513248242E-5,31.39496221373173]
["rs3964074","C","T","C","T",-0.00895091,-0.0236,0.546932,0.548,16,74166991,0.0093,403124,0.0115199,16,74166991,{"v":1.6e-09,"d":"1.60E-09"},460162,1.48347E-3,7.9110063711666375E-5,36.406167011752196]
["rs4146837","T","C","T","C",0.00879226,-0.005,0.455561,0.4564,15,93446869,0.0094,403124,0.598,15,93446869,{"v":4e-09,"d":"4.00E-09"},460162,0.0014944,7.5218368072079973E-5,34.61508794247403]
["rs7641973","A","G","A","G",0.00844615,0.0114,0.353362,0.3547,3,81910489,0.0097,403124,0.2403,3,81910489,{"v":4.20001e-08,"d":"4.20E-08"},460162,1.54097E-3,6.52814974907741e-05,30.041895065251925]
["rs838133","G","A","G","A",0.0108944,2E-3,0.549354,0.5491,19,49259529,0.0096,403124,0.8324,19,49259529,{"v":8.99912e-13,"d":"9.00E-13"},460162,1.52491E-3,1.1090708425628615E-4,51.04066466266888]
["rs9973426","G","A","G","A",0.0110847,0.0109,0.176598,0.1761,2,155751852,0.0122,403124,0.3693,2,155751852,{"v":1E-8,"d":"1.00E-08"},460162,0.00193678,7.11779767119073e-05,32.755589240319395]

{"sheet":"poultry","index":14,"n_rows":7,"n_cols":21,"rows_kept":7}
["SNP","effect_allele.exposure","other_allele.exposure","effect_allele.outcome","other_allele.outcome","beta.exposure","beta.outcome","eaf.exposure","eaf.outcome","chr","pos","se.outcome","samplesize.outcome","pval.outcome","pval.exposure","se.exposure","chr.exposure","samplesize.exposure","pos.exposure","R2","F"]
["rs1051730","A","G","A","G",-0.0108759,-0.0069,0.331381,0.3309,15,78894339,0.0099,403124,0.4821,{"v":1.7E-8,"d":"1.70E-08"},1.92936E-3,15,461900,78894339,{"$f":"2*F2^2*H2*(1-H2)/(2*F2^2*H2*(1-H2)+P2^2*2*R2*H2*(1-H2))","v":6.87901144981553e-05},{"$f":"(R2-2)*T2/(1-T2)","v":31.77620219505625}]
["rs2426440","G","A","G","A",0.0112177,0.006,0.732602,0.733,20,50999841,0.0105,403124,0.564901,{"v":4.70002e-08,"d":"4.70E-08"},0.00205323,20,461900,50999841,{"$f":"2*F3^2*H3*(1-H3)/(2*F3^2*H3*(1-H3)+P3^2*2*R3*H3*(1-H3))","v":6.4618431739812125E-5},{"$f":"(R3-2)*T3/(1-T3)","v":29.849053182761327}]
["rs2565017","A","G","A","G",0.0109515,0.0183,0.372697,0.3729,18,21070280,0.0096,403124,0.0563404,{"v":5.89997e-09,"d":"5.90E-09"},1.88211E-3,18,461900,21070280,7.3295517474467582E-5,{"$f":"(R4-2)*T4/(1-T4)","v":33.85753453593585}]
["rs2965200","A","G","A","G",-0.0104197,-1E-3,0.640011,0.64,19,19476365,0.0097,403124,0.919,{"v":4.20001e-08,"d":"4.20E-08"},0.00190089,19,461900,19476365,6.5045947750025715E-5,30.046547580005335]
["rs7829800","G","A","G","A",0.011458,-5.3E-3,0.670759,0.67,8,144258705,0.0099,403124,0.589599,{"v":3.69999e-09,"d":"3.70E-09"},1.94283E-3,8,461900,144258705,7.5295213682191438E-5,34.781327476861385]
["rs9923768","A","G","A","G",0.0105123,{"v":0.0002,"d":"2.00E-04"},0.59853,0.5988,16,6163838,0.0095,403124,0.9872,{"v":1.6e-08,"d":"1.60E-08"},1.85899E-3,16,461900,6163838,6.9225062741961531E-5,31.97713164933128]

{"sheet":"process meat","index":15,"n_rows":21,"n_cols":21,"rows_kept":21}
["SNP","effect_allele.exposure","other_allele.exposure","effect_allele.outcome","other_allele.outcome","beta.exposure","beta.outcome","eaf.exposure","eaf.outcome","chr","pos","se.outcome","samplesize.outcome","pval.outcome","samplesize.exposure","chr.exposure","pval.exposure","pos.exposure","se.exposure","R2","F"]
["rs10454812","C","A","C","A",-0.0199599,-0.0097,0.103032,0.1018,5,52800358,0.0153,403124,0.5263,461981,5,{"v":6.69993e-09,"d":"6.70E-09"},52800358,0.00344207,{"$f":"2*F2^2*H2*(1-H2)/(2*F2^2*H2*(1-H2)+S2^2*2*O2*H2*(1-H2))","v":7.27816004762619e-05},{"$f":"(O2-2)*T2/(1-T2)","v":33.62601836185702}]
["rs11032380","T","A","T","A",-0.0133229,0.0037,0.333352,0.3311,11,33800533,0.0099,403124,0.7072,461981,11,{"v":2.1e-09,"d":"2.10E-09"},33800533,2.22295E-3,{"$f":"2*F3^2*H3*(1-H3)/(2*F3^2*H3*(1-H3)+S3^2*2*O3*H3*(1-H3))","v":7.77463961278562e-05},{"$f":"(O3-2)*T3/(1-T3)","v":35.91999498691004}]
["rs11887120","T","C","T","C",0.0119621,0.0202,0.397683,0.398,2,25485735,0.0096,403124,0.0343803,461981,2,{"v":3.09999e-08,"d":"3.10E-08"},25485735,0.00216043,6.6356202686350478E-5,30.657206456642943]
["rs11894162","T","C","T","C",0.0120489,-0.0221,0.547464,0.5486,2,107197420,0.0093,403124,0.0179201,461981,2,{"v":1.09999E-8,"d":"1.10E-08"},107197420,0.00210698,7.0781395029449471E-5,32.70183277565392]
["rs2029401","G","A","G","A",0.0146312,-0.0134,0.586212,0.5879,5,92891029,0.0094,403124,0.1553,461981,5,{"v":6.29941e-12,"d":"6.30E-12"},92891029,0.0021292,1.0220178388532416E-4,47.21990387596919]
["rs203319","T","C","T","C",-0.016423,0.005,0.204594,0.2023,22,41914593,0.0116,403124,0.6643,461981,22,{"v":2.80001e-10,"d":"2.80E-10"},41914593,0.00260186,8.6233411942768524E-5,39.84146108103407]
["rs2873054","C","A","C","A",0.0139958,0.0114,0.353276,0.3546,3,81888255,0.0097,403124,0.2414,461981,3,{"v":1.6e-10,"d":"1.60E-10"},81888255,0.00218986,8.840976613099709E-5,40.84706662703954]
["rs34241936","G","A","G","A",0.0328367,-0.0255,0.037369,0.0376,17,74065908,0.0254,403124,0.315,461981,17,{"v":1.09999E-8,"d":"1.10E-08"},74065908,0.00575337,7.05049592505213e-05,32.574107205697736]
["rs3762621","T","C","T","C",-0.0149895,-0.0288,0.183451,0.1834,2,173306140,0.012,403124,0.0166901,461981,2,{"v":3.59998e-08,"d":"3.60E-08"},173306140,0.00271965,6.5749974485932469E-5,30.377104756899318]
["rs4077924","C","T","C","T",0.0124987,0.0096,0.701892,0.7014,2,181991389,0.0101,403124,0.3418,461981,2,{"v":4.49997e-08,"d":"4.50E-08"},181991389,0.00228468,6.4777872453883369E-5,29.927955407650785]
["rs4240672","A","G","A","G",0.0171201,-0.0257,0.494014,0.4944,8,10767917,0.0093,403124,0.00555904,461981,8,{"v":2.99985e-16,"d":"3.00E-16"},10767917,0.00209412,1.4465136114607738E-4,66.83555902548969]
["rs4778053","G","C","G","C",0.0164667,0.0044,0.843808,0.8424,15,93424341,0.0128,403124,0.7311,461981,15,{"v":1.29999E-8,"d":"1.30E-08"},93424341,2.89872E-3,6.9846743566969385E-5,32.26998269953147]
["rs6010651","C","A","C","A",-0.0124059,-0.0104,0.379439,0.3797,20,62418243,0.0096,403124,0.2769,461981,20,{"v":1.09999E-8,"d":"1.10E-08"},62418243,2.16796E-3,7.08759879405524e-05,32.74553890520902]
["rs6484504","C","T","C","T",0.0154728,-0.021,0.72462,0.7232,11,31424823,0.0104,403124,0.0433601,461981,11,{"v":4.40048e-11,"d":"4.40E-11"},31424823,2.3479E-3,9.3996935159911774E-5,43.42869227221247]
["rs6765179","A","G","A","G",-0.0127603,-0.0153,0.309968,0.3106,3,25276416,0.01,403124,0.1281,461981,3,{"v":1.79999E-8,"d":"1.80E-08"},25276416,0.00226606,6.8631744543819556E-5,31.708600929208032]
["rs6786550","C","T","C","T",0.0121871,0.009,0.635043,0.6361,3,62560523,0.0096,403124,0.3507,461981,3,{"v":2.1e-08,"d":"2.10E-08"},62560523,0.00217408,6.8013645609582628E-5,31.4230131787517]
["rs6961970","A","C","A","C",-0.0140142,0.0143,0.244698,0.2465,7,113901132,0.0108,403124,0.1854,461981,7,{"v":9.49992E-9,"d":"9.50E-09"},113901132,2.44137E-3,7.1320491149950071E-5,32.95091925670802]
["rs8096167","C","T","C","T",-0.0145937,{"v":-0.0003,"d":"-3.00E-04"},0.1926,0.1926,18,34800257,0.0118,403124,0.9789,461981,18,{"v":4.70002e-08,"d":"4.70E-08"},34800257,0.00267084,6.4622373378301129E-5,29.856108803544906]
["rs838133","G","A","G","A",0.0190137,2E-3,0.549369,0.5491,19,49259529,0.0096,403124,0.8324,461981,19,{"v":1.59993E-18,"d":"1.60E-18"},49259529,2.16555E-3,1.6684003226889141E-4,77.08945287435533]
["rs9809856","G","A","G","A",0.0132887,0.0044,0.475881,0.4772,3,18227421,0.0093,403124,0.635,461981,3,{"v":2.5e-10,"d":"2.50E-10"},18227421,0.00209967,8.66964151456521e-05,40.05539583179907]

{"sheet":"raw vegetable","index":16,"n_rows":21,"n_cols":21,"rows_kept":21}
["SNP","effect_allele.exposure","other_allele.exposure","effect_allele.outcome","other_allele.outcome","beta.exposure","beta.outcome","eaf.exposure","eaf.outcome","chr","pos","se.outcome","samplesize.outcome","pval.outcome","pos.exposure","samplesize.exposure","chr.exposure","se.exposure","pval.exposure","R2","F"]
["rs10819082","A","G","A","G",-0.00916475,0.0185,0.66734,0.6675,9,128645617,0.0099,403124,0.0602504,128645617,435435,9,0.00151342,{"v":1.40001E-9,"d":"1.40E-09"},{"$f":"2*F2^2*H2*(1-H2)/(2*F2^2*H2*(1-H2)+R2^2*2*P2*H2*(1-H2))","v":8.4209754170178056E-5},{"$f":"(P2-2)*T2/(1-T2)","v":36.67079392612489}]
["rs12203592","T","C","T","C",-0.0102862,0.011,0.219338,0.2206,6,396321,0.0115,403124,0.3368,396321,435435,6,1.69411E-3,{"v":1.29999E-9,"d":"1.30E-09"},{"$f":"2*F3^2*H3*(1-H3)/(2*F3^2*H3*(1-H3)+R3^2*2*P3*H3*(1-H3))","v":8.4657729018996483E-5},{"$f":"(P3-2)*T3/(1-T3)","v":36.865889902446106}]
["rs12908495","A","C","A","C",-0.00935,-0.0136,0.242533,0.2415,15,97011280,0.0109,403124,0.2122,97011280,435435,15,1.66573E-3,{"v":2E-8,"d":"2.00E-08"},7.2353450703114983E-5,31.507359766211096]
["rs13102393","G","C","G","C",0.00797933,-0.0113,0.499077,0.4992,4,63738189,0.0093,403124,0.2231,63738189,435435,4,0.00143029,{"v":2.39999e-08,"d":"2.40E-08"},7.1471068266659734E-5,31.123086068765538]
["rs17460017","T","A","T","A",0.0111744,-0.0026,0.190124,0.1912,5,137717681,0.0118,403124,0.8268,137717681,435435,5,0.00181338,{"v":7.19996e-10,"d":"7.20E-10"},8.7198613136093656E-5,37.97246485996182]
["rs1890012","G","T","G","T",-0.0104258,-0.0151,0.19473,0.1947,13,54933682,0.0118,403124,0.2003,54933682,435435,13,0.00180794,{"v":8.10009e-09,"d":"8.10E-09"},7.6364981609982238E-5,33.25437250692434]
["rs2194027","A","T","A","T",-0.00860795,0.0079,0.484664,0.4879,5,87822672,0.0093,403124,0.3949,87822672,435435,5,0.00143565,{"v":2e-09,"d":"2.00E-09"},8.2554952478484209E-5,35.950118482886765]
["rs3095337","C","G","C","G",-0.0126218,0.0334,0.203909,0.2038,6,30737591,0.0115,403124,0.003661,30737591,435435,6,1.76637E-3,{"v":8.99912e-13,"d":"9.00E-13"},1.1724787244068965E-4,51.0595794675271]
["rs3129962","A","G","A","G",-0.0133033,0.0456,0.129168,0.131,6,32379383,0.0138,403124,0.000927107,32379383,435435,6,2.12261E-3,{"v":3.69999e-10,"d":"3.70E-10"},9.02019336307004e-05,39.28044173841545]
["rs3129962","A","G","G","C",-0.0133033,-0.0267,0.129168,0.1978,6,32379383,0.0117,403124,0.02227,32379383,435435,6,2.12261E-3,{"v":3.69999e-10,"d":"3.70E-10"},9.02019336307004e-05,39.28044173841545]
["rs34186148","C","G","C","G",-0.00805142,{"v":-0.0002,"d":"-2.00E-04"},0.370054,0.3702,17,43854655,0.0096,403124,0.9841,43854655,435435,17,0.0014749,{"v":4.79999e-08,"d":"4.80E-08"},6.8433185633092855E-5,29.80010663600383]
["rs4083969","G","C","G","C",0.017133,0.0128,0.057217,0.057,1,231866480,0.0203,403124,0.529,231866480,435435,1,3.11517E-3,{"v":3.79997E-8,"d":"3.80E-08"},6.9462406229780168E-5,30.24832505329449]
["rs4291983","A","C","A","C",-0.00839985,-0.0141,0.517576,0.5163,18,38106410,0.0093,403124,0.1298,38106410,435435,18,0.00142481,{"v":3.69999e-09,"d":"3.70E-09"},7.9812544067453715E-5,34.755789448900565]
["rs57221424","G","C","G","C",0.00894101,-0.0039,0.321733,0.322,7,35215670,0.01,403124,0.693499,35215670,435435,7,1.53327E-3,{"v":5.49997E-9,"d":"5.50E-09"},7.80869816451295e-05,34.00430397214381]
["rs62461186","C","A","C","A",-0.0113438,0.021,0.179827,0.1804,7,77730153,0.0121,403124,0.0821297,77730153,435435,7,1.85732E-3,{"v":1e-09,"d":"1.00E-09"},8.5660994698396746E-5,37.302819301113374]
["rs75248709","T","C","T","C",-0.0197339,0.0123,0.045947,0.0462,6,92348945,0.0229,403124,0.589899,92348945,435435,6,0.00352774,{"v":2.19999E-8,"d":"2.20E-08"},7.1858502760354076E-5,31.291812015209327]
["rs7619139","A","T","A","T",0.0124765,0.0168,0.589193,0.5893,3,25110415,0.0095,403124,0.0757007,25110415,435435,3,1.45086E-3,{"v":8.00018e-18,"d":"8.00E-18"},1.6979990508386914E-4,73.94903861012143]
["rs7821179","C","G","C","G",-0.0108184,-0.0032,0.846577,0.8468,8,83061099,0.0129,403124,0.8015,83061099,435435,8,0.00197644,{"v":4.39997e-08,"d":"4.40E-08"},6.8802716324841e-05,29.961034578037363]
["rs8130508","A","G","A","G",0.0087404,0.0026,0.289686,0.2868,21,19049865,0.0103,403124,0.8046,19049865,435435,21,0.00157797,{"v":2.99999e-08,"d":"3.00E-08"},7.045489930443638E-5,30.680549763872865]
["rs9427220","T","A","T","A",-0.00800801,0.0045,0.554661,0.5549,1,153761750,0.0094,403124,0.632,153761750,435435,1,0.00144212,{"v":2.80001e-08,"d":"2.80E-08"},7.0809630158865755E-5,30.835033106255583]

{"sheet":"tea","index":17,"n_rows":38,"n_cols":21,"rows_kept":38}
["SNP","effect_allele.exposure","other_allele.exposure","effect_allele.outcome","other_allele.outcome","beta.exposure","beta.outcome","eaf.exposure","eaf.outcome","chr","pos","se.outcome","samplesize.outcome","pval.outcome","se.exposure","pval.exposure","samplesize.exposure","chr.exposure","pos.exposure","R2","F"]
["rs10741694","C","T","C","T",0.0150037,-0.0103,0.627915,0.6276,11,16286183,0.0096,403124,0.2819,0.00219355,{"v":7.89951e-12,"d":"7.90E-12"},447485,11,16286183,{"$f":"2*F2^2*H2*(1-H2)/(2*F2^2*H2*(1-H2)+O2^2*2*Q2*H2*(1-H2))","v":1.045388653813786E-4},{"$f":"(Q2-2)*T2/(1-T2)","v":46.78425587048186}]
["rs10752269","A","G","A","G",-0.0128727,-0.0135,0.506082,0.5072,10,12692902,0.0093,403124,0.1472,0.00211975,{"v":1.29999E-9,"d":"1.30E-09"},447485,10,12692902,{"$f":"2*F3^2*H3*(1-H3)/(2*F3^2*H3*(1-H3)+O3^2*2*Q3*H3*(1-H3))","v":8.2405412282646819E-5},{"$f":"(Q3-2)*T3/(1-T3)","v":36.878060056218764}]
["rs10764990","A","G","A","G",-0.0121906,0.0102,0.607155,0.6061,10,129152608,0.0095,403124,0.2811,2.16898E-3,{"v":1.89998e-08,"d":"1.90E-08"},447485,10,129152608,7.05878458816225e-05,31.589090844522154]
["rs11164870","G","C","G","C",-0.0119604,-0.0137,0.604574,0.604,1,93552187,0.0096,403124,0.151,0.00218232,{"v":4.20001e-08,"d":"4.20E-08"},447485,1,93552187,6.7119221486370239E-5,30.036726630092822]
["rs1156588","G","A","G","A",-0.015454,0.0184,0.210071,0.2102,2,58515375,0.0114,403124,0.1057,0.00260325,{"v":2.90001e-09,"d":"2.90E-09"},447485,2,58515375,7.8747609433025458E-5,35.24099165576547]
["rs11587444","G","A","G","A",0.0140328,-0.0064,0.393464,0.3925,1,150722844,0.0095,403124,0.5024,0.00217078,{"v":1E-10,"d":"1.00E-10"},447485,1,150722844,9.33765902020371E-5,41.788338765962344]
["rs12591786","T","C","T","C",-0.0184399,0.017,0.158804,0.1581,15,60902512,0.0129,403124,0.1874,0.00294243,{"v":3.69999e-10,"d":"3.70E-10"},447485,15,60902512,8.7758309087021611E-5,39.27379802729399]
["rs13282783","T","C","T","C",-0.0135837,0.0011,0.285899,0.2859,8,22088975,0.0103,403124,0.9126,2.35432E-3,{"v":7.90005e-09,"d":"7.90E-09"},447485,8,22088975,7.4386545412484967E-5,33.28919076871587]
["rs132904","C","G","C","G",0.0166007,-0.0071,0.778651,0.7798,22,41798896,0.0112,403124,0.527499,0.00255257,{"v":7.8001e-11,"d":"7.80E-11"},447485,22,41798896,9.4510041075433963E-5,42.29563407267193]
["rs141071726","A","G","A","G",0.0407321,0.0062,0.026713,0.0267,7,17558580,0.0297,403124,0.8336,0.00681204,{"v":2.19999E-9,"d":"2.20E-09"},447485,7,17558580,7.9892505901013952E-5,35.753394646396195]
["rs1453548","A","T","A","T",-0.0133414,-0.0078,0.664929,0.6652,11,59192089,0.0098,403124,0.4272,0.00224973,{"v":2.99999e-09,"d":"3.00E-09"},447485,11,59192089,7.85831438917485e-05,35.167384541751034]
["rs1481012","G","A","G","A",-0.0262435,-0.0124,0.112209,0.1129,4,89039082,0.0147,403124,0.3975,3.35608E-3,{"v":5.30029E-15,"d":"5.30E-15"},447485,4,89039082,1.3662842978545443E-4,61.14725409899774]
["rs149805207","G","A","G","A",-0.0719337,0.0618,0.008538,0.0091,6,137095269,0.0531,403124,0.2447,0.0125823,{"v":1.09999E-8,"d":"1.10E-08"},447485,6,137095269,7.3035587118759678E-5,32.68457076747966]
["rs17245213","A","G","A","G",-0.0146481,-0.0041,0.208046,0.2075,11,1679769,0.0114,403124,0.723,0.00260905,{"v":2E-8,"d":"2.00E-08"},447485,11,1679769,7.0435031892458237E-5,31.520699537810106]
["rs17576658","A","G","A","G",-0.0134812,-0.0149,0.247081,0.2469,13,100272019,0.0108,403124,0.1666,0.00245655,{"v":4.09996e-08,"d":"4.10E-08"},447485,13,100272019,6.7297383191801548E-5,30.11646168187912]
["rs17685","A","G","A","G",0.0230655,0.0274,0.277512,0.2777,7,75616105,0.0103,403124,0.00804192,0.00236195,{"v":1.59993e-22,"d":"1.60E-22"},447485,7,75616105,2.1306559249115352E-4,95.36354921583458]
["rs2117137","G","A","G","A",0.0129948,3.8E-3,0.405148,0.404,3,89525505,0.0094,403124,0.6862,2.1557E-3,{"v":1.7e-09,"d":"1.70E-09"},447485,3,89525505,8.11986499437773e-05,36.33796606657761]
["rs2273447","T","A","T","A",0.0174715,-0.0218,0.203788,0.2037,20,62900120,0.0115,403124,0.0582693,0.00263421,{"v":3.29989e-11,"d":"3.30E-11"},447485,20,62900120,9.8296583455981224E-5,43.99037415811754]
["rs2351187","A","G","A","G",0.0129023,-0.0056,0.318935,0.3204,10,86850616,0.01,403124,0.5762,0.0022823,{"v":1.6e-08,"d":"1.60E-08"},447485,10,86850616,7.1413334723360766E-5,31.95853552760855]
["rs2478875","G","A","G","A",0.0218943,-0.0199,0.208758,0.2086,6,51283110,0.0114,403124,0.0825905,0.00261129,{"v":5.10035e-17,"d":"5.10E-17"},447485,6,51283110,1.5707432931644225E-4,70.29913429488042]
["rs2645929","G","A","G","A",-0.0149842,0.0143,0.813066,0.8131,13,56444529,0.0119,403124,0.2293,2.7166E-3,{"v":3.50002E-8,"d":"3.50E-08"},447485,13,56444529,6.7984157721382658E-5,30.42382318763155]
["rs2783129","G","C","G","C",-0.0117331,0.0167,0.484878,0.4858,13,80168720,0.0093,403124,0.0744406,0.00213314,{"v":3.79997E-8,"d":"3.80E-08"},447485,13,80168720,6.760502561066703E-5,30.25414500758618]
["rs34619","A","G","A","G",0.0117117,1.4E-3,0.430905,0.4305,5,60465365,0.0094,403124,0.8843,0.0021375,{"v":4.30002e-08,"d":"4.30E-08"},447485,5,60465365,6.7084164363658043E-5,30.021037058127163]
["rs4410790","C","T","C","T",0.0405506,0.0226,0.631224,0.6325,7,17284577,0.0096,403124,0.0191501,0.00219507,{"v":3.40017e-76,"d":"3.40E-76"},447485,7,17284577,7.6205839995317889E-4,341.26824531923114]
["rs4808193","C","T","C","T",0.0151149,-1.8E-3,0.335324,0.3354,19,19410622,0.0098,403124,0.8523,2.2472E-3,{"v":1.69981e-11,"d":"1.70E-11"},447485,19,19410622,1.0108919015412336E-4,45.24026737972936]
["rs4817505","C","T","C","T",0.015068,0.0263,0.38998,0.3922,21,34343828,0.0095,403124,5.81206E-3,0.0021746,{"v":4.19952e-12,"d":"4.20E-12"},447485,21,34343828,1.0728212792228237E-4,48.01207928707858]
["rs56188862","C","T","C","T",-0.0157568,-0.0211,0.387454,0.3863,1,174189269,0.0095,403124,0.0272898,0.0021747,{"v":4.30031e-13,"d":"4.30E-13"},447485,1,174189269,1.1730267264522258E-4,52.49710991460127]
["rs56348300","G","C","G","C",0.0158824,0.0246,0.184619,0.1853,9,7054124,0.0119,403124,0.0396096,0.00273191,{"v":6.1E-9,"d":"6.10E-09"},447485,9,7054124,7.5524559385824625E-5,33.79850902514899]
["rs57462170","A","G","A","G",0.0191505,0.0052,0.108773,0.1093,3,50239803,0.0149,403124,0.724201,0.00340563,{"v":1.89998e-08,"d":"1.90E-08"},447485,3,50239803,7.0657153919629142E-5,31.620109394353843]
["rs57631352","G","A","G","A",-0.0131035,{"v":-0.0007,"d":"-7.00E-04"},0.296859,0.2963,19,4338173,0.0102,403124,0.9488,2.32117E-3,{"v":1.7E-8,"d":"1.70E-08"},447485,19,4338173,7.1211694216052163E-5,31.868291957943768]
["rs6829","T","C","T","C",-0.0119163,-0.0115,0.596155,0.5961,13,111531264,0.0095,403124,0.2256,0.00216546,{"v":3.69999e-08,"d":"3.70E-08"},447485,13,111531264,6.7666646608458074E-5,30.281723086947462]
["rs713598","G","C","G","C",0.0133969,0.006,0.402254,0.4011,7,141673345,0.0095,403124,0.528901,0.00215659,{"v":5.19996e-10,"d":"5.20E-10"},447485,7,141673345,8.6229828888495714E-5,38.5897101046099]
["rs72797284","G","A","G","A",-0.0171147,-0.0034,0.270797,0.2714,5,152031650,0.0104,403124,0.7418,2.38353E-3,{"v":7.00003e-13,"d":"7.00E-13"},447485,5,152031650,1.1520433443625761E-4,51.55792088250005]
["rs7757102","G","A","G","A",-0.0118039,0.0126,0.555426,0.5548,6,137222671,0.0093,403124,0.1771,0.00213302,{"v":3.09999e-08,"d":"3.10E-08"},447485,6,137222671,6.8431015640155752E-5,30.623811790247395]
["rs9302428","G","C","G","C",0.0122457,2E-3,0.635799,0.6361,16,24717600,0.0096,403124,0.8321,0.00220122,{"v":2.59998E-8,"d":"2.60E-08"},447485,16,24717600,6.9156310243382959E-5,30.94841345472215]
["rs9624470","A","G","A","G",0.0252071,0.0234,0.580054,0.5803,22,24820268,0.0094,403124,0.01297,0.00215485,{"v":1.29987e-31,"d":"1.30E-31"},447485,22,24820268,3.0570350115637459E-4,136.83895195466508]
["rs9648476","A","G","A","G",0.0125013,-0.0259,0.622954,0.6238,7,39293033,0.0096,403124,0.00689303,2.18542E-3,{"v":1.09999E-8,"d":"1.10E-08"},447485,7,39293033,7.311900783016172E-5,32.72190557413415]